<?xml version="1.0" encoding="UTF-8"?>
<record
    xmlns:xsi="http://www.w3.org/2001/XMLSchema-instance"
    xsi:schemaLocation="http://www.loc.gov/MARC21/slim http://www.loc.gov/standards/marcxml/schema/MARC21slim.xsd"
    xmlns="http://www.loc.gov/MARC21/slim">

  <leader>01689aas a2200301 i 4500</leader>
  <controlfield tag="001">196505</controlfield>
  <controlfield tag="003">CO-MdUADB</controlfield>
  <controlfield tag="005">20260129132054.0</controlfield>
  <controlfield tag="007">ta</controlfield>
  <controlfield tag="008">980605c19549999enkzr p r           eng d</controlfield>
  <datafield tag="022" ind1="0" ind2=" ">
    <subfield code="a">0268-540X</subfield>
  </datafield>
  <datafield tag="035" ind1=" " ind2=" ">
    <subfield code="a">196505</subfield>
  </datafield>
  <datafield tag="040" ind1=" " ind2=" ">
    <subfield code="a">CO-MdUADB</subfield>
    <subfield code="b">spa</subfield>
    <subfield code="c">CO-MdUADB</subfield>
    <subfield code="e">rda</subfield>
  </datafield>
  <datafield tag="041" ind1="0" ind2=" ">
    <subfield code="a">eng</subfield>
  </datafield>
  <datafield tag="245" ind1="0" ind2="0">
    <subfield code="a">Anthropology Today (Londres)</subfield>
  </datafield>
  <datafield tag="264" ind1=" " ind2="1">
    <subfield code="a">Londres :</subfield>
    <subfield code="b">Royal Anthropological Institute of Great Britain and Ireland,</subfield>
    <subfield code="c">1954-</subfield>
  </datafield>
  <datafield tag="300" ind1=" " ind2=" ">
    <subfield code="a">Vol&#xFA;menes y n&#xFA;meros</subfield>
  </datafield>
  <datafield tag="310" ind1=" " ind2=" ">
    <subfield code="a">Bimensual</subfield>
  </datafield>
  <datafield tag="336" ind1=" " ind2=" ">
    <subfield code="2">rdacontent</subfield>
    <subfield code="a">texto</subfield>
    <subfield code="b">txt</subfield>
  </datafield>
  <datafield tag="337" ind1=" " ind2=" ">
    <subfield code="2">rdamedia</subfield>
    <subfield code="a">no mediado</subfield>
    <subfield code="b">n</subfield>
  </datafield>
  <datafield tag="338" ind1=" " ind2=" ">
    <subfield code="2">rdacarrier</subfield>
    <subfield code="a">volumen</subfield>
    <subfield code="b">nc</subfield>
  </datafield>
  <datafield tag="520" ind1="3" ind2=" ">
    <subfield code="a">Anthropology Today es una publicaci&#xF3;n bimensual que busca brindar un foro para la aplicaci&#xF3;n del an&#xE1;lisis antropol&#xF3;gico a temas p&#xFA;blicos y de actualidad, reflejando al mismo tiempo la amplitud de intereses dentro de la disciplina antropol&#xF3;gica. Asimismo, se compromete a promover el debate en la intersecci&#xF3;n entre la antropolog&#xED;a y &#xE1;reas del conocimiento aplicado como la educaci&#xF3;n, la medicina, el desarrollo, etc., as&#xED; como entre la antropolog&#xED;a y otras disciplinas acad&#xE9;micas. Anthropology Today invita a la presentaci&#xF3;n de trabajos sobre una amplia gama de temas, en consonancia con estos objetivos. Anthropology Today es una revista internacional tanto por el alcance de los temas que abarca como por las fuentes que utiliza. (Tomado de https://rai.onlinelibrary.wiley.com/)</subfield>
  </datafield>
  <datafield tag="650" ind1=" " ind2="7">
    <subfield code="a">Antropolog&#xED;a</subfield>
    <subfield code="v">Publicaciones seriadas</subfield>
    <subfield code="2">lemb</subfield>
    <subfield code="9">871490</subfield>
  </datafield>
  <datafield tag="650" ind1=" " ind2="7">
    <subfield code="a">Etnolog&#xED;a</subfield>
    <subfield code="v">Publicaciones seriadas</subfield>
    <subfield code="2">lemb</subfield>
    <subfield code="9">871492</subfield>
  </datafield>
  <datafield tag="710" ind1="2" ind2=" ">
    <subfield code="a">Instituto Real Antropol&#xF3;gico</subfield>
    <subfield code="9">871672</subfield>
    <subfield code="e">isb</subfield>
  </datafield>
  <datafield tag="942" ind1=" " ind2=" ">
    <subfield code="c">REVISTA</subfield>
    <subfield code="2">FAC</subfield>
  </datafield>
  <datafield tag="999" ind1=" " ind2=" ">
    <subfield code="c">82394</subfield>
    <subfield code="d">82394</subfield>
  </datafield>
  <datafield tag="952" ind1=" " ind2=" ">
    <subfield code="0">0</subfield>
    <subfield code="1">0</subfield>
    <subfield code="4">0</subfield>
    <subfield code="7">0</subfield>
    <subfield code="8">HEMEROTECA</subfield>
    <subfield code="a">BC</subfield>
    <subfield code="b">BC</subfield>
    <subfield code="c">EST01B</subfield>
    <subfield code="h">Volumen 10, N&#xFA;mero 06, Diciembre 1994</subfield>
    <subfield code="l">0</subfield>
    <subfield code="p">0714265</subfield>
    <subfield code="y">REVISTA</subfield>
  </datafield>
  <datafield tag="952" ind1=" " ind2=" ">
    <subfield code="0">0</subfield>
    <subfield code="1">0</subfield>
    <subfield code="4">0</subfield>
    <subfield code="7">0</subfield>
    <subfield code="8">HEMEROTECA</subfield>
    <subfield code="a">BC</subfield>
    <subfield code="b">BC</subfield>
    <subfield code="c">EST01B</subfield>
    <subfield code="h">Volumen 05, N&#xFA;mero 05, Octubre 1989</subfield>
    <subfield code="l">0</subfield>
    <subfield code="p">0689417</subfield>
    <subfield code="y">REVISTA</subfield>
  </datafield>
  <datafield tag="952" ind1=" " ind2=" ">
    <subfield code="0">0</subfield>
    <subfield code="1">0</subfield>
    <subfield code="4">0</subfield>
    <subfield code="7">0</subfield>
    <subfield code="8">HEMEROTECA</subfield>
    <subfield code="a">BC</subfield>
    <subfield code="b">BC</subfield>
    <subfield code="c">EST01B</subfield>
    <subfield code="h">Volumen 08, N&#xFA;mero 06, Diciembre 1992</subfield>
    <subfield code="l">0</subfield>
    <subfield code="p">0726673</subfield>
    <subfield code="y">REVISTA</subfield>
  </datafield>
  <datafield tag="952" ind1=" " ind2=" ">
    <subfield code="0">0</subfield>
    <subfield code="1">0</subfield>
    <subfield code="4">0</subfield>
    <subfield code="7">0</subfield>
    <subfield code="8">HEMEROTECA</subfield>
    <subfield code="a">BC</subfield>
    <subfield code="b">BC</subfield>
    <subfield code="c">EST01B</subfield>
    <subfield code="h">Volumen 04, N&#xFA;mero 02, Abril 1988</subfield>
    <subfield code="l">0</subfield>
    <subfield code="p">0726663</subfield>
    <subfield code="y">REVISTA</subfield>
  </datafield>
  <datafield tag="952" ind1=" " ind2=" ">
    <subfield code="0">0</subfield>
    <subfield code="1">0</subfield>
    <subfield code="4">0</subfield>
    <subfield code="7">0</subfield>
    <subfield code="8">HEMEROTECA</subfield>
    <subfield code="a">BC</subfield>
    <subfield code="b">BC</subfield>
    <subfield code="c">EST01B</subfield>
    <subfield code="h">Volumen 01, N&#xFA;mero 05, Octubre 1985</subfield>
    <subfield code="l">0</subfield>
    <subfield code="p">0726648</subfield>
    <subfield code="y">REVISTA</subfield>
  </datafield>
  <datafield tag="952" ind1=" " ind2=" ">
    <subfield code="0">0</subfield>
    <subfield code="1">0</subfield>
    <subfield code="4">0</subfield>
    <subfield code="7">0</subfield>
    <subfield code="8">HEMEROTECA</subfield>
    <subfield code="a">BC</subfield>
    <subfield code="b">BC</subfield>
    <subfield code="c">EST01B</subfield>
    <subfield code="h">Volumen 01, N&#xFA;mero 04, Agosto 1985</subfield>
    <subfield code="l">0</subfield>
    <subfield code="p">0726649</subfield>
    <subfield code="y">REVISTA</subfield>
  </datafield>
  <datafield tag="952" ind1=" " ind2=" ">
    <subfield code="0">0</subfield>
    <subfield code="1">0</subfield>
    <subfield code="4">0</subfield>
    <subfield code="7">0</subfield>
    <subfield code="8">HEMEROTECA</subfield>
    <subfield code="a">BC</subfield>
    <subfield code="b">BC</subfield>
    <subfield code="c">EST01B</subfield>
    <subfield code="h">Volumen 16, N&#xFA;mero 05, Octubre 2000</subfield>
    <subfield code="l">0</subfield>
    <subfield code="p">61000002123913</subfield>
    <subfield code="y">REVISTA</subfield>
  </datafield>
  <datafield tag="952" ind1=" " ind2=" ">
    <subfield code="0">0</subfield>
    <subfield code="1">0</subfield>
    <subfield code="4">0</subfield>
    <subfield code="7">0</subfield>
    <subfield code="8">HEMEROTECA</subfield>
    <subfield code="a">BC</subfield>
    <subfield code="b">BC</subfield>
    <subfield code="c">EST01B</subfield>
    <subfield code="h">Volumen 28, N&#xFA;mero 06, Diciembre 2012</subfield>
    <subfield code="l">0</subfield>
    <subfield code="p">0971803</subfield>
    <subfield code="y">REVISTA</subfield>
  </datafield>
  <datafield tag="952" ind1=" " ind2=" ">
    <subfield code="0">0</subfield>
    <subfield code="1">0</subfield>
    <subfield code="4">0</subfield>
    <subfield code="7">0</subfield>
    <subfield code="8">HEMEROTECA</subfield>
    <subfield code="a">BC</subfield>
    <subfield code="b">BC</subfield>
    <subfield code="c">EST01B</subfield>
    <subfield code="h">Volumen 04, N&#xFA;mero 04, Agosto 1988</subfield>
    <subfield code="l">0</subfield>
    <subfield code="p">0726665</subfield>
    <subfield code="y">REVISTA</subfield>
  </datafield>
  <datafield tag="952" ind1=" " ind2=" ">
    <subfield code="0">0</subfield>
    <subfield code="1">0</subfield>
    <subfield code="4">0</subfield>
    <subfield code="7">0</subfield>
    <subfield code="8">HEMEROTECA</subfield>
    <subfield code="a">BC</subfield>
    <subfield code="b">BC</subfield>
    <subfield code="c">EST01B</subfield>
    <subfield code="h">Volumen 20, N&#xFA;mero 03, Junio 2004</subfield>
    <subfield code="l">0</subfield>
    <subfield code="p">0544642</subfield>
    <subfield code="y">REVISTA</subfield>
  </datafield>
  <datafield tag="952" ind1=" " ind2=" ">
    <subfield code="0">0</subfield>
    <subfield code="1">0</subfield>
    <subfield code="4">0</subfield>
    <subfield code="7">0</subfield>
    <subfield code="8">HEMEROTECA</subfield>
    <subfield code="a">BC</subfield>
    <subfield code="b">BC</subfield>
    <subfield code="c">EST01B</subfield>
    <subfield code="h">Volumen 22, N&#xFA;mero 03, Junio 2006</subfield>
    <subfield code="l">0</subfield>
    <subfield code="p">0707308</subfield>
    <subfield code="y">REVISTA</subfield>
  </datafield>
  <datafield tag="952" ind1=" " ind2=" ">
    <subfield code="0">0</subfield>
    <subfield code="1">0</subfield>
    <subfield code="4">0</subfield>
    <subfield code="7">0</subfield>
    <subfield code="8">HEMEROTECA</subfield>
    <subfield code="a">BC</subfield>
    <subfield code="b">BC</subfield>
    <subfield code="c">EST01B</subfield>
    <subfield code="h">Volumen 22, N&#xFA;mero 05, Octubre 2006</subfield>
    <subfield code="l">0</subfield>
    <subfield code="p">0707305</subfield>
    <subfield code="y">REVISTA</subfield>
  </datafield>
  <datafield tag="952" ind1=" " ind2=" ">
    <subfield code="0">0</subfield>
    <subfield code="1">0</subfield>
    <subfield code="4">0</subfield>
    <subfield code="7">0</subfield>
    <subfield code="8">HEMEROTECA</subfield>
    <subfield code="a">BC</subfield>
    <subfield code="b">BC</subfield>
    <subfield code="c">EST01B</subfield>
    <subfield code="h">Volumen 22, N&#xFA;mero 02, Abril 2006</subfield>
    <subfield code="l">0</subfield>
    <subfield code="p">0707309</subfield>
    <subfield code="y">REVISTA</subfield>
  </datafield>
  <datafield tag="952" ind1=" " ind2=" ">
    <subfield code="0">0</subfield>
    <subfield code="1">0</subfield>
    <subfield code="4">0</subfield>
    <subfield code="7">0</subfield>
    <subfield code="8">HEMEROTECA</subfield>
    <subfield code="a">BC</subfield>
    <subfield code="b">BC</subfield>
    <subfield code="c">EST01B</subfield>
    <subfield code="h">Volumen 38, N&#xFA;mero 01, Febrero de 2022</subfield>
    <subfield code="l">0</subfield>
    <subfield code="p">01091879</subfield>
    <subfield code="r">2025-02-01 00:00:00</subfield>
    <subfield code="y">REVISTA</subfield>
  </datafield>
  <datafield tag="952" ind1=" " ind2=" ">
    <subfield code="0">0</subfield>
    <subfield code="1">0</subfield>
    <subfield code="4">0</subfield>
    <subfield code="7">0</subfield>
    <subfield code="8">HEMEROTECA</subfield>
    <subfield code="a">BC</subfield>
    <subfield code="b">BC</subfield>
    <subfield code="c">EST01B</subfield>
    <subfield code="h">Volumen 06, N&#xFA;mero 02, Abril 1990</subfield>
    <subfield code="l">0</subfield>
    <subfield code="p">0689418</subfield>
    <subfield code="y">REVISTA</subfield>
  </datafield>
  <datafield tag="952" ind1=" " ind2=" ">
    <subfield code="0">0</subfield>
    <subfield code="1">0</subfield>
    <subfield code="4">0</subfield>
    <subfield code="7">0</subfield>
    <subfield code="8">HEMEROTECA</subfield>
    <subfield code="a">BC</subfield>
    <subfield code="b">BC</subfield>
    <subfield code="c">EST01B</subfield>
    <subfield code="h">Volumen 08, N&#xFA;mero 03, Junio 1992</subfield>
    <subfield code="l">0</subfield>
    <subfield code="p">0726670</subfield>
    <subfield code="y">REVISTA</subfield>
  </datafield>
  <datafield tag="952" ind1=" " ind2=" ">
    <subfield code="0">0</subfield>
    <subfield code="1">0</subfield>
    <subfield code="4">0</subfield>
    <subfield code="7">0</subfield>
    <subfield code="8">HEMEROTECA</subfield>
    <subfield code="a">BC</subfield>
    <subfield code="b">BC</subfield>
    <subfield code="c">EST01B</subfield>
    <subfield code="h">Volumen 04, N&#xFA;mero 05, Octubre 1988</subfield>
    <subfield code="l">0</subfield>
    <subfield code="p">0726666</subfield>
    <subfield code="y">REVISTA</subfield>
  </datafield>
  <datafield tag="952" ind1=" " ind2=" ">
    <subfield code="0">0</subfield>
    <subfield code="1">0</subfield>
    <subfield code="4">0</subfield>
    <subfield code="7">0</subfield>
    <subfield code="8">HEMEROTECA</subfield>
    <subfield code="a">BC</subfield>
    <subfield code="b">BC</subfield>
    <subfield code="c">EST01B</subfield>
    <subfield code="h">Volumen 04, N&#xFA;mero 01, Febrero 1988</subfield>
    <subfield code="l">0</subfield>
    <subfield code="p">0726662</subfield>
    <subfield code="y">REVISTA</subfield>
  </datafield>
  <datafield tag="952" ind1=" " ind2=" ">
    <subfield code="0">0</subfield>
    <subfield code="1">0</subfield>
    <subfield code="4">0</subfield>
    <subfield code="7">0</subfield>
    <subfield code="8">HEMEROTECA</subfield>
    <subfield code="a">BC</subfield>
    <subfield code="b">BC</subfield>
    <subfield code="c">EST01B</subfield>
    <subfield code="h">Volumen 07, N&#xFA;mero 05, Octubre 1991</subfield>
    <subfield code="l">0</subfield>
    <subfield code="p">0689427</subfield>
    <subfield code="y">REVISTA</subfield>
  </datafield>
  <datafield tag="952" ind1=" " ind2=" ">
    <subfield code="0">0</subfield>
    <subfield code="1">0</subfield>
    <subfield code="4">0</subfield>
    <subfield code="7">0</subfield>
    <subfield code="8">HEMEROTECA</subfield>
    <subfield code="a">BC</subfield>
    <subfield code="b">BC</subfield>
    <subfield code="c">EST01B</subfield>
    <subfield code="h">Volumen 12, N&#xFA;mero 04, Agosto 1996</subfield>
    <subfield code="l">0</subfield>
    <subfield code="p">0714274</subfield>
    <subfield code="y">REVISTA</subfield>
  </datafield>
  <datafield tag="952" ind1=" " ind2=" ">
    <subfield code="0">0</subfield>
    <subfield code="1">0</subfield>
    <subfield code="4">0</subfield>
    <subfield code="7">0</subfield>
    <subfield code="8">HEMEROTECA</subfield>
    <subfield code="a">BC</subfield>
    <subfield code="b">BC</subfield>
    <subfield code="c">EST01B</subfield>
    <subfield code="h">Volumen 26, N&#xFA;mero 06, Diciembre 2010</subfield>
    <subfield code="l">0</subfield>
    <subfield code="p">0750589</subfield>
    <subfield code="y">REVISTA</subfield>
  </datafield>
  <datafield tag="952" ind1=" " ind2=" ">
    <subfield code="0">0</subfield>
    <subfield code="1">0</subfield>
    <subfield code="4">0</subfield>
    <subfield code="7">0</subfield>
    <subfield code="8">HEMEROTECA</subfield>
    <subfield code="a">BC</subfield>
    <subfield code="b">BC</subfield>
    <subfield code="c">EST01B</subfield>
    <subfield code="h">Volumen 27, N&#xFA;mero 02, Abril 2011</subfield>
    <subfield code="l">0</subfield>
    <subfield code="p">0757048</subfield>
    <subfield code="y">REVISTA</subfield>
  </datafield>
  <datafield tag="952" ind1=" " ind2=" ">
    <subfield code="0">0</subfield>
    <subfield code="1">0</subfield>
    <subfield code="4">0</subfield>
    <subfield code="7">0</subfield>
    <subfield code="8">HEMEROTECA</subfield>
    <subfield code="a">BC</subfield>
    <subfield code="b">BC</subfield>
    <subfield code="c">EST01B</subfield>
    <subfield code="h">Vol&#xFA;men 31, N&#xFA;mero 03, Junio 2015</subfield>
    <subfield code="l">0</subfield>
    <subfield code="p">01009650</subfield>
    <subfield code="y">REVISTA</subfield>
  </datafield>
  <datafield tag="952" ind1=" " ind2=" ">
    <subfield code="0">0</subfield>
    <subfield code="1">0</subfield>
    <subfield code="4">0</subfield>
    <subfield code="7">0</subfield>
    <subfield code="8">HEMEROTECA</subfield>
    <subfield code="a">BC</subfield>
    <subfield code="b">BC</subfield>
    <subfield code="c">EST01B</subfield>
    <subfield code="h">Volumen 01, N&#xFA;mero 01, Febrero 1985</subfield>
    <subfield code="l">0</subfield>
    <subfield code="p">0726647</subfield>
    <subfield code="y">REVISTA</subfield>
  </datafield>
  <datafield tag="952" ind1=" " ind2=" ">
    <subfield code="0">0</subfield>
    <subfield code="1">0</subfield>
    <subfield code="4">0</subfield>
    <subfield code="7">0</subfield>
    <subfield code="8">HEMEROTECA</subfield>
    <subfield code="a">BC</subfield>
    <subfield code="b">BC</subfield>
    <subfield code="c">EST01B</subfield>
    <subfield code="h">Volumen 07, N&#xFA;mero 01, Febrero 1991</subfield>
    <subfield code="l">0</subfield>
    <subfield code="p">0689425</subfield>
    <subfield code="y">REVISTA</subfield>
  </datafield>
  <datafield tag="952" ind1=" " ind2=" ">
    <subfield code="0">0</subfield>
    <subfield code="1">0</subfield>
    <subfield code="4">0</subfield>
    <subfield code="7">0</subfield>
    <subfield code="8">HEMEROTECA</subfield>
    <subfield code="a">BC</subfield>
    <subfield code="b">BC</subfield>
    <subfield code="c">EST01B</subfield>
    <subfield code="h">Volumen 06, N&#xFA;mero 05, Octubre 1990</subfield>
    <subfield code="l">0</subfield>
    <subfield code="p">0689423</subfield>
    <subfield code="y">REVISTA</subfield>
  </datafield>
  <datafield tag="952" ind1=" " ind2=" ">
    <subfield code="0">0</subfield>
    <subfield code="1">0</subfield>
    <subfield code="4">0</subfield>
    <subfield code="7">0</subfield>
    <subfield code="8">HEMEROTECA</subfield>
    <subfield code="a">BC</subfield>
    <subfield code="b">BC</subfield>
    <subfield code="c">EST01B</subfield>
    <subfield code="h">Volumen 03, N&#xFA;mero 06, Diciembre 1987</subfield>
    <subfield code="l">0</subfield>
    <subfield code="p">0726661</subfield>
    <subfield code="y">REVISTA</subfield>
  </datafield>
  <datafield tag="952" ind1=" " ind2=" ">
    <subfield code="0">0</subfield>
    <subfield code="1">0</subfield>
    <subfield code="4">0</subfield>
    <subfield code="7">0</subfield>
    <subfield code="8">HEMEROTECA</subfield>
    <subfield code="a">BC</subfield>
    <subfield code="b">BC</subfield>
    <subfield code="c">EST01B</subfield>
    <subfield code="h">Volumen 21, N&#xFA;mero 01, Febrero 2005</subfield>
    <subfield code="l">0</subfield>
    <subfield code="p">0538319</subfield>
    <subfield code="y">REVISTA</subfield>
  </datafield>
  <datafield tag="952" ind1=" " ind2=" ">
    <subfield code="0">0</subfield>
    <subfield code="1">0</subfield>
    <subfield code="4">0</subfield>
    <subfield code="7">0</subfield>
    <subfield code="8">HEMEROTECA</subfield>
    <subfield code="a">BC</subfield>
    <subfield code="b">BC</subfield>
    <subfield code="c">EST01B</subfield>
    <subfield code="h">Volumen 29, N&#xFA;mero 02, Abril 2013</subfield>
    <subfield code="l">0</subfield>
    <subfield code="p">0976638</subfield>
    <subfield code="y">REVISTA</subfield>
  </datafield>
  <datafield tag="952" ind1=" " ind2=" ">
    <subfield code="0">0</subfield>
    <subfield code="1">0</subfield>
    <subfield code="4">0</subfield>
    <subfield code="7">0</subfield>
    <subfield code="8">HEMEROTECA</subfield>
    <subfield code="a">BC</subfield>
    <subfield code="b">BC</subfield>
    <subfield code="c">EST01B</subfield>
    <subfield code="h">Volumen 36, N&#xFA;mero 01, Febrero de 2020</subfield>
    <subfield code="l">0</subfield>
    <subfield code="p">61000003529092</subfield>
    <subfield code="r">2025-02-01 00:00:00</subfield>
    <subfield code="y">REVISTA</subfield>
  </datafield>
  <datafield tag="952" ind1=" " ind2=" ">
    <subfield code="0">0</subfield>
    <subfield code="1">0</subfield>
    <subfield code="4">0</subfield>
    <subfield code="7">0</subfield>
    <subfield code="8">HEMEROTECA</subfield>
    <subfield code="a">BC</subfield>
    <subfield code="b">BC</subfield>
    <subfield code="c">EST01B</subfield>
    <subfield code="h">Volumen 38, N&#xFA;mero 05, Octubre de 2022</subfield>
    <subfield code="l">0</subfield>
    <subfield code="p">01096419</subfield>
    <subfield code="r">2025-11-14 16:53:23</subfield>
    <subfield code="y">REVISTA</subfield>
  </datafield>
  <datafield tag="952" ind1=" " ind2=" ">
    <subfield code="0">0</subfield>
    <subfield code="1">0</subfield>
    <subfield code="4">0</subfield>
    <subfield code="7">0</subfield>
    <subfield code="8">HEMEROTECA</subfield>
    <subfield code="a">BC</subfield>
    <subfield code="b">BC</subfield>
    <subfield code="c">EST01B</subfield>
    <subfield code="h">Volumen 38, N&#xFA;mero 04, Agosto de 2022</subfield>
    <subfield code="l">0</subfield>
    <subfield code="p">01092661</subfield>
    <subfield code="r">2025-02-01 00:00:00</subfield>
    <subfield code="y">REVISTA</subfield>
  </datafield>
  <datafield tag="952" ind1=" " ind2=" ">
    <subfield code="0">0</subfield>
    <subfield code="1">0</subfield>
    <subfield code="4">0</subfield>
    <subfield code="7">0</subfield>
    <subfield code="8">HEMEROTECA</subfield>
    <subfield code="a">BC</subfield>
    <subfield code="b">BC</subfield>
    <subfield code="c">EST01B</subfield>
    <subfield code="h">Volumen 10, N&#xFA;mero 02, Abril 1994</subfield>
    <subfield code="l">0</subfield>
    <subfield code="p">0726683</subfield>
    <subfield code="y">REVISTA</subfield>
  </datafield>
  <datafield tag="952" ind1=" " ind2=" ">
    <subfield code="0">0</subfield>
    <subfield code="1">0</subfield>
    <subfield code="4">0</subfield>
    <subfield code="7">0</subfield>
    <subfield code="8">HEMEROTECA</subfield>
    <subfield code="a">BC</subfield>
    <subfield code="b">BC</subfield>
    <subfield code="c">EST01B</subfield>
    <subfield code="h">Volumen 13, N&#xFA;mero 01, Febrero 1997</subfield>
    <subfield code="l">0</subfield>
    <subfield code="p">0714280</subfield>
    <subfield code="y">REVISTA</subfield>
  </datafield>
  <datafield tag="952" ind1=" " ind2=" ">
    <subfield code="0">0</subfield>
    <subfield code="1">0</subfield>
    <subfield code="4">0</subfield>
    <subfield code="7">0</subfield>
    <subfield code="8">HEMEROTECA</subfield>
    <subfield code="a">BC</subfield>
    <subfield code="b">BC</subfield>
    <subfield code="c">EST01B</subfield>
    <subfield code="h">Volumen 14, N&#xFA;mero 05, Octubre 1998</subfield>
    <subfield code="l">0</subfield>
    <subfield code="p">61000000046934</subfield>
    <subfield code="y">REVISTA</subfield>
  </datafield>
  <datafield tag="952" ind1=" " ind2=" ">
    <subfield code="0">0</subfield>
    <subfield code="1">0</subfield>
    <subfield code="4">0</subfield>
    <subfield code="7">0</subfield>
    <subfield code="8">HEMEROTECA</subfield>
    <subfield code="a">BC</subfield>
    <subfield code="b">BC</subfield>
    <subfield code="c">EST01B</subfield>
    <subfield code="h">Volumen 29, N&#xFA;mero 05, Octubre 2013</subfield>
    <subfield code="l">0</subfield>
    <subfield code="p">0984186</subfield>
    <subfield code="y">REVISTA</subfield>
  </datafield>
  <datafield tag="952" ind1=" " ind2=" ">
    <subfield code="0">0</subfield>
    <subfield code="1">0</subfield>
    <subfield code="4">0</subfield>
    <subfield code="7">0</subfield>
    <subfield code="8">HEMEROTECA</subfield>
    <subfield code="a">BC</subfield>
    <subfield code="b">BC</subfield>
    <subfield code="c">EST01B</subfield>
    <subfield code="h">Volumen 30, N&#xFA;mero 03, Junio 2014</subfield>
    <subfield code="l">0</subfield>
    <subfield code="p">0994574</subfield>
    <subfield code="y">REVISTA</subfield>
  </datafield>
  <datafield tag="952" ind1=" " ind2=" ">
    <subfield code="0">0</subfield>
    <subfield code="1">0</subfield>
    <subfield code="4">0</subfield>
    <subfield code="7">0</subfield>
    <subfield code="8">HEMEROTECA</subfield>
    <subfield code="a">BC</subfield>
    <subfield code="b">BC</subfield>
    <subfield code="c">EST01B</subfield>
    <subfield code="h">Volumen 13, N&#xFA;mero 02, Abril 1997</subfield>
    <subfield code="l">0</subfield>
    <subfield code="p">0726644</subfield>
    <subfield code="y">REVISTA</subfield>
  </datafield>
  <datafield tag="952" ind1=" " ind2=" ">
    <subfield code="0">0</subfield>
    <subfield code="1">0</subfield>
    <subfield code="4">0</subfield>
    <subfield code="7">0</subfield>
    <subfield code="8">HEMEROTECA</subfield>
    <subfield code="a">BC</subfield>
    <subfield code="b">BC</subfield>
    <subfield code="c">EST01B</subfield>
    <subfield code="h">Volumen 14, N&#xFA;mero 03. Junio 1998</subfield>
    <subfield code="l">0</subfield>
    <subfield code="p">6-396491</subfield>
    <subfield code="y">REVISTA</subfield>
  </datafield>
  <datafield tag="952" ind1=" " ind2=" ">
    <subfield code="0">0</subfield>
    <subfield code="1">0</subfield>
    <subfield code="4">0</subfield>
    <subfield code="7">0</subfield>
    <subfield code="8">HEMEROTECA</subfield>
    <subfield code="a">BC</subfield>
    <subfield code="b">BC</subfield>
    <subfield code="c">EST01B</subfield>
    <subfield code="h">Volumen 14, N&#xFA;mero 01, Febrero 1998</subfield>
    <subfield code="l">0</subfield>
    <subfield code="p">6-396493</subfield>
    <subfield code="y">REVISTA</subfield>
  </datafield>
  <datafield tag="952" ind1=" " ind2=" ">
    <subfield code="0">0</subfield>
    <subfield code="1">0</subfield>
    <subfield code="4">0</subfield>
    <subfield code="7">0</subfield>
    <subfield code="8">HEMEROTECA</subfield>
    <subfield code="a">BC</subfield>
    <subfield code="b">BC</subfield>
    <subfield code="c">EST01B</subfield>
    <subfield code="h">Volumen 15, N&#xFA;mero 01, Febrero 1999</subfield>
    <subfield code="l">0</subfield>
    <subfield code="p">61000000011540</subfield>
    <subfield code="y">REVISTA</subfield>
  </datafield>
  <datafield tag="952" ind1=" " ind2=" ">
    <subfield code="0">0</subfield>
    <subfield code="1">0</subfield>
    <subfield code="4">0</subfield>
    <subfield code="7">0</subfield>
    <subfield code="8">HEMEROTECA</subfield>
    <subfield code="a">BC</subfield>
    <subfield code="b">BC</subfield>
    <subfield code="c">EST01B</subfield>
    <subfield code="h">Volumen 12, N&#xFA;mero 06, Diciembre 1996</subfield>
    <subfield code="l">0</subfield>
    <subfield code="p">0714278</subfield>
    <subfield code="y">REVISTA</subfield>
  </datafield>
  <datafield tag="952" ind1=" " ind2=" ">
    <subfield code="0">0</subfield>
    <subfield code="1">0</subfield>
    <subfield code="4">0</subfield>
    <subfield code="7">0</subfield>
    <subfield code="8">HEMEROTECA</subfield>
    <subfield code="a">BC</subfield>
    <subfield code="b">BC</subfield>
    <subfield code="c">EST01B</subfield>
    <subfield code="h">Volumen 21, N&#xFA;mero 05, Octubre 2005</subfield>
    <subfield code="l">0</subfield>
    <subfield code="p">0584152</subfield>
    <subfield code="y">REVISTA</subfield>
  </datafield>
  <datafield tag="952" ind1=" " ind2=" ">
    <subfield code="0">0</subfield>
    <subfield code="1">0</subfield>
    <subfield code="4">0</subfield>
    <subfield code="7">0</subfield>
    <subfield code="8">HEMEROTECA</subfield>
    <subfield code="a">BC</subfield>
    <subfield code="b">BC</subfield>
    <subfield code="c">EST01B</subfield>
    <subfield code="h">Volumen 24, N&#xFA;mero 04, Agosto 2008</subfield>
    <subfield code="l">0</subfield>
    <subfield code="p">0679730</subfield>
    <subfield code="y">REVISTA</subfield>
  </datafield>
  <datafield tag="952" ind1=" " ind2=" ">
    <subfield code="0">0</subfield>
    <subfield code="1">0</subfield>
    <subfield code="4">0</subfield>
    <subfield code="7">0</subfield>
    <subfield code="8">HEMEROTECA</subfield>
    <subfield code="a">BC</subfield>
    <subfield code="b">BC</subfield>
    <subfield code="c">EST01B</subfield>
    <subfield code="h">Volumen 27, N&#xFA;mero 01, Febrero 2011</subfield>
    <subfield code="l">0</subfield>
    <subfield code="p">0741601</subfield>
    <subfield code="y">REVISTA</subfield>
  </datafield>
  <datafield tag="952" ind1=" " ind2=" ">
    <subfield code="0">0</subfield>
    <subfield code="1">0</subfield>
    <subfield code="4">0</subfield>
    <subfield code="7">0</subfield>
    <subfield code="8">HEMEROTECA</subfield>
    <subfield code="a">BC</subfield>
    <subfield code="b">BC</subfield>
    <subfield code="c">EST01B</subfield>
    <subfield code="h">Vol&#xFA;men 31, N&#xFA;mero 04, Agosto 2015</subfield>
    <subfield code="l">0</subfield>
    <subfield code="p">1030554</subfield>
    <subfield code="y">REVISTA</subfield>
  </datafield>
  <datafield tag="952" ind1=" " ind2=" ">
    <subfield code="0">0</subfield>
    <subfield code="1">0</subfield>
    <subfield code="4">0</subfield>
    <subfield code="7">0</subfield>
    <subfield code="8">HEMEROTECA</subfield>
    <subfield code="a">BC</subfield>
    <subfield code="b">BC</subfield>
    <subfield code="c">EST01B</subfield>
    <subfield code="h">Vol&#xFA;men 31, N&#xFA;mero 06, Diciembre 2015</subfield>
    <subfield code="l">0</subfield>
    <subfield code="p">1045502</subfield>
    <subfield code="y">REVISTA</subfield>
  </datafield>
  <datafield tag="952" ind1=" " ind2=" ">
    <subfield code="0">0</subfield>
    <subfield code="1">0</subfield>
    <subfield code="4">0</subfield>
    <subfield code="7">0</subfield>
    <subfield code="8">HEMEROTECA</subfield>
    <subfield code="a">BC</subfield>
    <subfield code="b">BC</subfield>
    <subfield code="c">EST01B</subfield>
    <subfield code="h">Vol&#xFA;men 32, N&#xFA;mero 01, Febrero 2016                                                                                                                               </subfield>
    <subfield code="l">0</subfield>
    <subfield code="p">1045672</subfield>
    <subfield code="y">REVISTA</subfield>
  </datafield>
  <datafield tag="952" ind1=" " ind2=" ">
    <subfield code="0">0</subfield>
    <subfield code="1">0</subfield>
    <subfield code="4">0</subfield>
    <subfield code="7">0</subfield>
    <subfield code="8">HEMEROTECA</subfield>
    <subfield code="a">BC</subfield>
    <subfield code="b">BC</subfield>
    <subfield code="c">EST01B</subfield>
    <subfield code="h">Volumen 34, N&#xFA;mero 02, Abril 2018</subfield>
    <subfield code="l">0</subfield>
    <subfield code="p">01057264</subfield>
    <subfield code="y">REVISTA</subfield>
  </datafield>
  <datafield tag="952" ind1=" " ind2=" ">
    <subfield code="0">0</subfield>
    <subfield code="1">0</subfield>
    <subfield code="4">0</subfield>
    <subfield code="7">0</subfield>
    <subfield code="8">HEMEROTECA</subfield>
    <subfield code="a">BC</subfield>
    <subfield code="b">BC</subfield>
    <subfield code="c">EST01B</subfield>
    <subfield code="h">Volumen 35, N&#xFA;mero 01, Febrero de 2019</subfield>
    <subfield code="l">0</subfield>
    <subfield code="p">01068819</subfield>
    <subfield code="y">REVISTA</subfield>
  </datafield>
  <datafield tag="952" ind1=" " ind2=" ">
    <subfield code="0">0</subfield>
    <subfield code="1">0</subfield>
    <subfield code="4">0</subfield>
    <subfield code="7">0</subfield>
    <subfield code="8">HEMEROTECA</subfield>
    <subfield code="a">BC</subfield>
    <subfield code="b">BC</subfield>
    <subfield code="c">EST01B</subfield>
    <subfield code="h">Volumen 11, N&#xFA;mero 02, Abril 1995</subfield>
    <subfield code="l">0</subfield>
    <subfield code="p">0714266</subfield>
    <subfield code="y">REVISTA</subfield>
  </datafield>
  <datafield tag="952" ind1=" " ind2=" ">
    <subfield code="0">0</subfield>
    <subfield code="1">0</subfield>
    <subfield code="4">0</subfield>
    <subfield code="7">0</subfield>
    <subfield code="8">HEMEROTECA</subfield>
    <subfield code="a">BC</subfield>
    <subfield code="b">BC</subfield>
    <subfield code="c">EST01B</subfield>
    <subfield code="h">Volumen 11, N&#xFA;mero 01, Febrero 1995</subfield>
    <subfield code="l">0</subfield>
    <subfield code="p">0714267</subfield>
    <subfield code="y">REVISTA</subfield>
  </datafield>
  <datafield tag="952" ind1=" " ind2=" ">
    <subfield code="0">0</subfield>
    <subfield code="1">0</subfield>
    <subfield code="4">0</subfield>
    <subfield code="7">0</subfield>
    <subfield code="8">HEMEROTECA</subfield>
    <subfield code="a">BC</subfield>
    <subfield code="b">BC</subfield>
    <subfield code="c">EST01B</subfield>
    <subfield code="h">Volumen 06, N&#xFA;mero 01, Febrero 1990</subfield>
    <subfield code="l">0</subfield>
    <subfield code="p">0689419</subfield>
    <subfield code="y">REVISTA</subfield>
  </datafield>
  <datafield tag="952" ind1=" " ind2=" ">
    <subfield code="0">0</subfield>
    <subfield code="1">0</subfield>
    <subfield code="4">0</subfield>
    <subfield code="7">0</subfield>
    <subfield code="8">HEMEROTECA</subfield>
    <subfield code="a">BC</subfield>
    <subfield code="b">BC</subfield>
    <subfield code="c">EST01B</subfield>
    <subfield code="h">Volumen 01, N&#xFA;mero 02, Abril 1985</subfield>
    <subfield code="l">0</subfield>
    <subfield code="p">0726645</subfield>
    <subfield code="y">REVISTA</subfield>
  </datafield>
  <datafield tag="952" ind1=" " ind2=" ">
    <subfield code="0">0</subfield>
    <subfield code="1">0</subfield>
    <subfield code="4">0</subfield>
    <subfield code="7">0</subfield>
    <subfield code="8">HEMEROTECA</subfield>
    <subfield code="a">BC</subfield>
    <subfield code="b">BC</subfield>
    <subfield code="c">EST01B</subfield>
    <subfield code="h">Volumen 05, N&#xFA;mero 02, Abril 1989</subfield>
    <subfield code="l">0</subfield>
    <subfield code="p">0689415</subfield>
    <subfield code="y">REVISTA</subfield>
  </datafield>
  <datafield tag="952" ind1=" " ind2=" ">
    <subfield code="0">0</subfield>
    <subfield code="1">0</subfield>
    <subfield code="4">0</subfield>
    <subfield code="7">0</subfield>
    <subfield code="8">HEMEROTECA</subfield>
    <subfield code="a">BC</subfield>
    <subfield code="b">BC</subfield>
    <subfield code="c">EST01B</subfield>
    <subfield code="h">Volumen 07, N&#xFA;mero 06, Noviembre 1991</subfield>
    <subfield code="l">0</subfield>
    <subfield code="p">0689426</subfield>
    <subfield code="y">REVISTA</subfield>
  </datafield>
  <datafield tag="952" ind1=" " ind2=" ">
    <subfield code="0">0</subfield>
    <subfield code="1">0</subfield>
    <subfield code="4">0</subfield>
    <subfield code="7">0</subfield>
    <subfield code="8">HEMEROTECA</subfield>
    <subfield code="a">BC</subfield>
    <subfield code="b">BC</subfield>
    <subfield code="c">EST01B</subfield>
    <subfield code="h">Volumen 04, N&#xFA;mero 03, Junio 1988</subfield>
    <subfield code="l">0</subfield>
    <subfield code="p">0726664</subfield>
    <subfield code="y">REVISTA</subfield>
  </datafield>
  <datafield tag="952" ind1=" " ind2=" ">
    <subfield code="0">0</subfield>
    <subfield code="1">0</subfield>
    <subfield code="4">0</subfield>
    <subfield code="7">0</subfield>
    <subfield code="8">HEMEROTECA</subfield>
    <subfield code="a">BC</subfield>
    <subfield code="b">BC</subfield>
    <subfield code="c">EST01B</subfield>
    <subfield code="h">Volumen 01, N&#xFA;mero 06, Diciembre 1985</subfield>
    <subfield code="l">0</subfield>
    <subfield code="p">0726651</subfield>
    <subfield code="y">REVISTA</subfield>
  </datafield>
  <datafield tag="952" ind1=" " ind2=" ">
    <subfield code="0">0</subfield>
    <subfield code="1">0</subfield>
    <subfield code="4">0</subfield>
    <subfield code="7">0</subfield>
    <subfield code="8">HEMEROTECA</subfield>
    <subfield code="a">BC</subfield>
    <subfield code="b">BC</subfield>
    <subfield code="c">EST01B</subfield>
    <subfield code="h">Volumen 09, N&#xFA;mero 05, Octubre 1993</subfield>
    <subfield code="l">0</subfield>
    <subfield code="p">0726680</subfield>
    <subfield code="y">REVISTA</subfield>
  </datafield>
  <datafield tag="952" ind1=" " ind2=" ">
    <subfield code="0">0</subfield>
    <subfield code="1">0</subfield>
    <subfield code="4">0</subfield>
    <subfield code="7">0</subfield>
    <subfield code="8">HEMEROTECA</subfield>
    <subfield code="a">BC</subfield>
    <subfield code="b">BC</subfield>
    <subfield code="c">EST01B</subfield>
    <subfield code="h">Volumen 31, N&#xFA;mero 01, Febrero 2015</subfield>
    <subfield code="l">0</subfield>
    <subfield code="p">01010875</subfield>
    <subfield code="y">REVISTA</subfield>
  </datafield>
  <datafield tag="952" ind1=" " ind2=" ">
    <subfield code="0">0</subfield>
    <subfield code="1">0</subfield>
    <subfield code="4">0</subfield>
    <subfield code="7">0</subfield>
    <subfield code="8">HEMEROTECA</subfield>
    <subfield code="a">BC</subfield>
    <subfield code="b">BC</subfield>
    <subfield code="c">EST01B</subfield>
    <subfield code="h">Volumen 26, N&#xFA;mero 03, Junio 2010</subfield>
    <subfield code="l">0</subfield>
    <subfield code="p">0750935</subfield>
    <subfield code="y">REVISTA</subfield>
  </datafield>
  <datafield tag="952" ind1=" " ind2=" ">
    <subfield code="0">0</subfield>
    <subfield code="1">0</subfield>
    <subfield code="4">0</subfield>
    <subfield code="7">0</subfield>
    <subfield code="8">HEMEROTECA</subfield>
    <subfield code="a">BC</subfield>
    <subfield code="b">BC</subfield>
    <subfield code="c">EST01B</subfield>
    <subfield code="h">Volumen 14, N&#xFA;mero 04, Agosto 1998</subfield>
    <subfield code="l">0</subfield>
    <subfield code="p">6-396489</subfield>
    <subfield code="y">REVISTA</subfield>
  </datafield>
  <datafield tag="952" ind1=" " ind2=" ">
    <subfield code="0">0</subfield>
    <subfield code="1">0</subfield>
    <subfield code="4">0</subfield>
    <subfield code="7">0</subfield>
    <subfield code="8">HEMEROTECA</subfield>
    <subfield code="a">BC</subfield>
    <subfield code="b">BC</subfield>
    <subfield code="c">EST01B</subfield>
    <subfield code="h">Volumen 26, N&#xFA;mero 02, Abril 2010</subfield>
    <subfield code="l">0</subfield>
    <subfield code="p">0741797</subfield>
    <subfield code="y">REVISTA</subfield>
  </datafield>
  <datafield tag="952" ind1=" " ind2=" ">
    <subfield code="0">0</subfield>
    <subfield code="1">0</subfield>
    <subfield code="4">0</subfield>
    <subfield code="7">0</subfield>
    <subfield code="8">HEMEROTECA</subfield>
    <subfield code="a">BC</subfield>
    <subfield code="b">BC</subfield>
    <subfield code="c">EST01B</subfield>
    <subfield code="h">Volumen 26, N&#xFA;mero 05, Octubre 2010</subfield>
    <subfield code="l">0</subfield>
    <subfield code="p">0751939</subfield>
    <subfield code="y">REVISTA</subfield>
  </datafield>
  <datafield tag="952" ind1=" " ind2=" ">
    <subfield code="0">0</subfield>
    <subfield code="1">0</subfield>
    <subfield code="4">0</subfield>
    <subfield code="7">0</subfield>
    <subfield code="8">HEMEROTECA</subfield>
    <subfield code="a">BC</subfield>
    <subfield code="b">BC</subfield>
    <subfield code="c">EST01B</subfield>
    <subfield code="h">Volumen 16, N&#xFA;mero 02, Abril 2000</subfield>
    <subfield code="l">0</subfield>
    <subfield code="p">6-402958</subfield>
    <subfield code="y">REVISTA</subfield>
  </datafield>
  <datafield tag="952" ind1=" " ind2=" ">
    <subfield code="0">0</subfield>
    <subfield code="1">0</subfield>
    <subfield code="4">0</subfield>
    <subfield code="7">0</subfield>
    <subfield code="8">HEMEROTECA</subfield>
    <subfield code="a">BC</subfield>
    <subfield code="b">BC</subfield>
    <subfield code="c">EST01B</subfield>
    <subfield code="h">Volumen 10, N&#xFA;mero 01, Febrero 1994</subfield>
    <subfield code="l">0</subfield>
    <subfield code="p">0726682</subfield>
    <subfield code="y">REVISTA</subfield>
  </datafield>
  <datafield tag="952" ind1=" " ind2=" ">
    <subfield code="0">0</subfield>
    <subfield code="1">0</subfield>
    <subfield code="4">0</subfield>
    <subfield code="7">0</subfield>
    <subfield code="8">HEMEROTECA</subfield>
    <subfield code="a">BC</subfield>
    <subfield code="b">BC</subfield>
    <subfield code="c">EST01B</subfield>
    <subfield code="h">Volumen 20, N&#xFA;mero 06, Diciembre 2004</subfield>
    <subfield code="l">0</subfield>
    <subfield code="p">0553046</subfield>
    <subfield code="y">REVISTA</subfield>
  </datafield>
  <datafield tag="952" ind1=" " ind2=" ">
    <subfield code="0">0</subfield>
    <subfield code="1">0</subfield>
    <subfield code="4">0</subfield>
    <subfield code="7">0</subfield>
    <subfield code="8">HEMEROTECA</subfield>
    <subfield code="a">BC</subfield>
    <subfield code="b">BC</subfield>
    <subfield code="c">EST01B</subfield>
    <subfield code="h">Volumen 23, N&#xFA;mero 04, Agosto 2007</subfield>
    <subfield code="l">0</subfield>
    <subfield code="p">0709145</subfield>
    <subfield code="y">REVISTA</subfield>
  </datafield>
  <datafield tag="952" ind1=" " ind2=" ">
    <subfield code="0">0</subfield>
    <subfield code="1">0</subfield>
    <subfield code="4">0</subfield>
    <subfield code="7">0</subfield>
    <subfield code="8">HEMEROTECA</subfield>
    <subfield code="a">BC</subfield>
    <subfield code="b">BC</subfield>
    <subfield code="c">EST01B</subfield>
    <subfield code="h">Volumen 29, N&#xFA;mero 01, Febrero 2013</subfield>
    <subfield code="l">0</subfield>
    <subfield code="p">0973253</subfield>
    <subfield code="y">REVISTA</subfield>
  </datafield>
  <datafield tag="952" ind1=" " ind2=" ">
    <subfield code="0">0</subfield>
    <subfield code="1">0</subfield>
    <subfield code="4">0</subfield>
    <subfield code="7">0</subfield>
    <subfield code="8">HEMEROTECA</subfield>
    <subfield code="a">BC</subfield>
    <subfield code="b">BC</subfield>
    <subfield code="c">EST01B</subfield>
    <subfield code="h">Volumen 35, N&#xFA;mero 02, Abril de 2019</subfield>
    <subfield code="l">0</subfield>
    <subfield code="p">01069027</subfield>
    <subfield code="y">REVISTA</subfield>
  </datafield>
  <datafield tag="952" ind1=" " ind2=" ">
    <subfield code="0">0</subfield>
    <subfield code="1">0</subfield>
    <subfield code="4">0</subfield>
    <subfield code="7">0</subfield>
    <subfield code="8">HEMEROTECA</subfield>
    <subfield code="a">BC</subfield>
    <subfield code="b">BC</subfield>
    <subfield code="c">EST01B</subfield>
    <subfield code="h">Volumen 38, N&#xFA;mero 03, Junio de 2022</subfield>
    <subfield code="l">1</subfield>
    <subfield code="p">01092017</subfield>
    <subfield code="r">2025-04-07 14:03:40</subfield>
    <subfield code="s">2025-02-01</subfield>
    <subfield code="y">REVISTA</subfield>
  </datafield>
  <datafield tag="952" ind1=" " ind2=" ">
    <subfield code="0">0</subfield>
    <subfield code="1">0</subfield>
    <subfield code="4">0</subfield>
    <subfield code="7">0</subfield>
    <subfield code="8">HEMEROTECA</subfield>
    <subfield code="a">BC</subfield>
    <subfield code="b">BC</subfield>
    <subfield code="c">EST01B</subfield>
    <subfield code="h">Volumen 11, N&#xFA;mero 04, Agosto 1995</subfield>
    <subfield code="l">0</subfield>
    <subfield code="p">0714271</subfield>
    <subfield code="y">REVISTA</subfield>
  </datafield>
  <datafield tag="952" ind1=" " ind2=" ">
    <subfield code="0">0</subfield>
    <subfield code="1">0</subfield>
    <subfield code="4">0</subfield>
    <subfield code="7">0</subfield>
    <subfield code="8">HEMEROTECA</subfield>
    <subfield code="a">BC</subfield>
    <subfield code="b">BC</subfield>
    <subfield code="c">EST01B</subfield>
    <subfield code="h">Volumen 10, N&#xFA;mero 05, Octubre 1994</subfield>
    <subfield code="l">0</subfield>
    <subfield code="p">61000003526940</subfield>
    <subfield code="y">REVISTA</subfield>
  </datafield>
  <datafield tag="952" ind1=" " ind2=" ">
    <subfield code="0">0</subfield>
    <subfield code="1">0</subfield>
    <subfield code="4">0</subfield>
    <subfield code="7">0</subfield>
    <subfield code="8">HEMEROTECA</subfield>
    <subfield code="a">BC</subfield>
    <subfield code="b">BC</subfield>
    <subfield code="c">EST01B</subfield>
    <subfield code="h">Volumen 10, N&#xFA;mero 04, Agosto 1994</subfield>
    <subfield code="l">0</subfield>
    <subfield code="p">0726685</subfield>
    <subfield code="y">REVISTA</subfield>
  </datafield>
  <datafield tag="952" ind1=" " ind2=" ">
    <subfield code="0">0</subfield>
    <subfield code="1">0</subfield>
    <subfield code="4">0</subfield>
    <subfield code="7">0</subfield>
    <subfield code="8">HEMEROTECA</subfield>
    <subfield code="a">BC</subfield>
    <subfield code="b">BC</subfield>
    <subfield code="c">EST01B</subfield>
    <subfield code="h">Volumen 09, N&#xFA;mero 04, Agosto 1993</subfield>
    <subfield code="l">0</subfield>
    <subfield code="p">0726679</subfield>
    <subfield code="y">REVISTA</subfield>
  </datafield>
  <datafield tag="952" ind1=" " ind2=" ">
    <subfield code="0">0</subfield>
    <subfield code="1">0</subfield>
    <subfield code="4">0</subfield>
    <subfield code="7">0</subfield>
    <subfield code="8">HEMEROTECA</subfield>
    <subfield code="a">BC</subfield>
    <subfield code="b">BC</subfield>
    <subfield code="c">EST01B</subfield>
    <subfield code="h">Volumen 14, N&#xFA;mero 02, Abril 1998</subfield>
    <subfield code="l">0</subfield>
    <subfield code="p">6-396494</subfield>
    <subfield code="y">REVISTA</subfield>
  </datafield>
  <datafield tag="952" ind1=" " ind2=" ">
    <subfield code="0">0</subfield>
    <subfield code="1">0</subfield>
    <subfield code="4">0</subfield>
    <subfield code="7">0</subfield>
    <subfield code="8">HEMEROTECA</subfield>
    <subfield code="a">BC</subfield>
    <subfield code="b">BC</subfield>
    <subfield code="c">EST01B</subfield>
    <subfield code="h">Volumen 30, N&#xFA;mero 01, Febrero 2014</subfield>
    <subfield code="l">0</subfield>
    <subfield code="p">0989466</subfield>
    <subfield code="y">REVISTA</subfield>
  </datafield>
  <datafield tag="952" ind1=" " ind2=" ">
    <subfield code="0">0</subfield>
    <subfield code="1">0</subfield>
    <subfield code="4">0</subfield>
    <subfield code="7">0</subfield>
    <subfield code="8">HEMEROTECA</subfield>
    <subfield code="a">BC</subfield>
    <subfield code="b">BC</subfield>
    <subfield code="c">EST01B</subfield>
    <subfield code="h">Volumen 17, N&#xFA;mero 05, Octubre 2001</subfield>
    <subfield code="l">0</subfield>
    <subfield code="p">61000002027825</subfield>
    <subfield code="y">REVISTA</subfield>
  </datafield>
  <datafield tag="952" ind1=" " ind2=" ">
    <subfield code="0">0</subfield>
    <subfield code="1">0</subfield>
    <subfield code="4">0</subfield>
    <subfield code="7">0</subfield>
    <subfield code="8">HEMEROTECA</subfield>
    <subfield code="a">BC</subfield>
    <subfield code="b">BC</subfield>
    <subfield code="c">EST01B</subfield>
    <subfield code="h">Volumen 08, N&#xFA;mero 04, Agosto 1992</subfield>
    <subfield code="l">0</subfield>
    <subfield code="p">0726671</subfield>
    <subfield code="y">REVISTA</subfield>
  </datafield>
  <datafield tag="952" ind1=" " ind2=" ">
    <subfield code="0">0</subfield>
    <subfield code="1">0</subfield>
    <subfield code="4">0</subfield>
    <subfield code="7">0</subfield>
    <subfield code="8">HEMEROTECA</subfield>
    <subfield code="a">BC</subfield>
    <subfield code="b">BC</subfield>
    <subfield code="c">EST01B</subfield>
    <subfield code="h">Volumen 20, N&#xFA;mero 02, Abril 2004</subfield>
    <subfield code="l">0</subfield>
    <subfield code="p">0544643</subfield>
    <subfield code="y">REVISTA</subfield>
  </datafield>
  <datafield tag="952" ind1=" " ind2=" ">
    <subfield code="0">0</subfield>
    <subfield code="1">0</subfield>
    <subfield code="4">0</subfield>
    <subfield code="7">0</subfield>
    <subfield code="8">HEMEROTECA</subfield>
    <subfield code="a">BC</subfield>
    <subfield code="b">BC</subfield>
    <subfield code="c">EST01B</subfield>
    <subfield code="h">Volumen 24, N&#xFA;mero 02, Abril 2008</subfield>
    <subfield code="l">0</subfield>
    <subfield code="p">0724020</subfield>
    <subfield code="y">REVISTA</subfield>
  </datafield>
  <datafield tag="952" ind1=" " ind2=" ">
    <subfield code="0">0</subfield>
    <subfield code="1">0</subfield>
    <subfield code="4">0</subfield>
    <subfield code="7">0</subfield>
    <subfield code="8">HEMEROTECA</subfield>
    <subfield code="a">BC</subfield>
    <subfield code="b">BC</subfield>
    <subfield code="c">EST01B</subfield>
    <subfield code="h">Volumen 33, N&#xFA;mero 06, Diciembre 2017</subfield>
    <subfield code="l">0</subfield>
    <subfield code="p">1041979</subfield>
    <subfield code="y">REVISTA</subfield>
  </datafield>
  <datafield tag="952" ind1=" " ind2=" ">
    <subfield code="0">0</subfield>
    <subfield code="1">0</subfield>
    <subfield code="4">0</subfield>
    <subfield code="7">0</subfield>
    <subfield code="8">HEMEROTECA</subfield>
    <subfield code="a">BC</subfield>
    <subfield code="b">BC</subfield>
    <subfield code="c">EST01B</subfield>
    <subfield code="h">Volumen 05, N&#xFA;mero 03, Junio 1989</subfield>
    <subfield code="l">0</subfield>
    <subfield code="p">0689412</subfield>
    <subfield code="y">REVISTA</subfield>
  </datafield>
  <datafield tag="952" ind1=" " ind2=" ">
    <subfield code="0">0</subfield>
    <subfield code="1">0</subfield>
    <subfield code="4">0</subfield>
    <subfield code="7">0</subfield>
    <subfield code="8">HEMEROTECA</subfield>
    <subfield code="a">BC</subfield>
    <subfield code="b">BC</subfield>
    <subfield code="c">EST01B</subfield>
    <subfield code="h">Volumen 03, N&#xFA;mero 05, Octubre 1987</subfield>
    <subfield code="l">0</subfield>
    <subfield code="p">0726660</subfield>
    <subfield code="y">REVISTA</subfield>
  </datafield>
  <datafield tag="952" ind1=" " ind2=" ">
    <subfield code="0">0</subfield>
    <subfield code="1">0</subfield>
    <subfield code="4">0</subfield>
    <subfield code="7">0</subfield>
    <subfield code="8">HEMEROTECA</subfield>
    <subfield code="a">BC</subfield>
    <subfield code="b">BC</subfield>
    <subfield code="c">EST01B</subfield>
    <subfield code="h">Volumen 03, N&#xFA;mero 03, Junio 1987</subfield>
    <subfield code="l">0</subfield>
    <subfield code="p">0726657</subfield>
    <subfield code="y">REVISTA</subfield>
  </datafield>
  <datafield tag="952" ind1=" " ind2=" ">
    <subfield code="0">0</subfield>
    <subfield code="1">0</subfield>
    <subfield code="4">0</subfield>
    <subfield code="7">0</subfield>
    <subfield code="8">HEMEROTECA</subfield>
    <subfield code="a">BC</subfield>
    <subfield code="b">BC</subfield>
    <subfield code="c">EST01B</subfield>
    <subfield code="h">Volumen 26, N&#xFA;mero 01, Febrero 2010</subfield>
    <subfield code="l">0</subfield>
    <subfield code="p">0741924</subfield>
    <subfield code="y">REVISTA</subfield>
  </datafield>
  <datafield tag="952" ind1=" " ind2=" ">
    <subfield code="0">0</subfield>
    <subfield code="1">0</subfield>
    <subfield code="4">0</subfield>
    <subfield code="7">0</subfield>
    <subfield code="8">HEMEROTECA</subfield>
    <subfield code="a">BC</subfield>
    <subfield code="b">BC</subfield>
    <subfield code="c">EST01B</subfield>
    <subfield code="h">Volumen 03, N&#xFA;mero 04, Agosto 1987</subfield>
    <subfield code="l">0</subfield>
    <subfield code="p">0726659</subfield>
    <subfield code="y">REVISTA</subfield>
  </datafield>
  <datafield tag="952" ind1=" " ind2=" ">
    <subfield code="0">0</subfield>
    <subfield code="1">0</subfield>
    <subfield code="4">0</subfield>
    <subfield code="7">0</subfield>
    <subfield code="8">HEMEROTECA</subfield>
    <subfield code="a">BC</subfield>
    <subfield code="b">BC</subfield>
    <subfield code="c">EST01B</subfield>
    <subfield code="h">Volumen 12, N&#xFA;mero 01, Febrero 1996</subfield>
    <subfield code="l">0</subfield>
    <subfield code="p">0714272</subfield>
    <subfield code="y">REVISTA</subfield>
  </datafield>
  <datafield tag="952" ind1=" " ind2=" ">
    <subfield code="0">0</subfield>
    <subfield code="1">0</subfield>
    <subfield code="4">0</subfield>
    <subfield code="7">0</subfield>
    <subfield code="8">HEMEROTECA</subfield>
    <subfield code="a">BC</subfield>
    <subfield code="b">BC</subfield>
    <subfield code="c">EST01B</subfield>
    <subfield code="h">Volumen 17, N&#xFA;mero 03, Junio 2001</subfield>
    <subfield code="l">0</subfield>
    <subfield code="p">61000002029912</subfield>
    <subfield code="y">REVISTA</subfield>
  </datafield>
  <datafield tag="952" ind1=" " ind2=" ">
    <subfield code="0">0</subfield>
    <subfield code="1">0</subfield>
    <subfield code="4">0</subfield>
    <subfield code="7">0</subfield>
    <subfield code="8">HEMEROTECA</subfield>
    <subfield code="a">BC</subfield>
    <subfield code="b">BC</subfield>
    <subfield code="c">EST01B</subfield>
    <subfield code="h">Volumen 17, N&#xFA;mero 04, Agosto 2001</subfield>
    <subfield code="l">0</subfield>
    <subfield code="p">61000002027924</subfield>
    <subfield code="y">REVISTA</subfield>
  </datafield>
  <datafield tag="952" ind1=" " ind2=" ">
    <subfield code="0">0</subfield>
    <subfield code="1">0</subfield>
    <subfield code="4">0</subfield>
    <subfield code="7">0</subfield>
    <subfield code="8">HEMEROTECA</subfield>
    <subfield code="a">BC</subfield>
    <subfield code="b">BC</subfield>
    <subfield code="c">EST01B</subfield>
    <subfield code="h">Volumen 20, N&#xFA;mero 01, Febrero 2004</subfield>
    <subfield code="l">0</subfield>
    <subfield code="p">0544644</subfield>
    <subfield code="y">REVISTA</subfield>
  </datafield>
  <datafield tag="952" ind1=" " ind2=" ">
    <subfield code="0">0</subfield>
    <subfield code="1">0</subfield>
    <subfield code="4">0</subfield>
    <subfield code="7">0</subfield>
    <subfield code="8">HEMEROTECA</subfield>
    <subfield code="a">BC</subfield>
    <subfield code="b">BC</subfield>
    <subfield code="c">EST01B</subfield>
    <subfield code="h">Volumen 30, N&#xFA;mero 04, Agosto 2014</subfield>
    <subfield code="l">0</subfield>
    <subfield code="p">01000489</subfield>
    <subfield code="y">REVISTA</subfield>
  </datafield>
  <datafield tag="952" ind1=" " ind2=" ">
    <subfield code="0">0</subfield>
    <subfield code="1">0</subfield>
    <subfield code="4">0</subfield>
    <subfield code="7">0</subfield>
    <subfield code="8">HEMEROTECA</subfield>
    <subfield code="a">BC</subfield>
    <subfield code="b">BC</subfield>
    <subfield code="c">EST01B</subfield>
    <subfield code="h">Volumen 30, N&#xFA;mero 05, Octubre 2014</subfield>
    <subfield code="l">0</subfield>
    <subfield code="p">01003354</subfield>
    <subfield code="y">REVISTA</subfield>
  </datafield>
  <datafield tag="952" ind1=" " ind2=" ">
    <subfield code="0">0</subfield>
    <subfield code="1">0</subfield>
    <subfield code="4">0</subfield>
    <subfield code="7">0</subfield>
    <subfield code="8">HEMEROTECA</subfield>
    <subfield code="a">BC</subfield>
    <subfield code="b">BC</subfield>
    <subfield code="c">EST01B</subfield>
    <subfield code="h">Volumen 05, N&#xFA;mero 01, Febrero 1989</subfield>
    <subfield code="l">0</subfield>
    <subfield code="p">0689413</subfield>
    <subfield code="y">REVISTA</subfield>
  </datafield>
  <datafield tag="952" ind1=" " ind2=" ">
    <subfield code="0">0</subfield>
    <subfield code="1">0</subfield>
    <subfield code="4">0</subfield>
    <subfield code="7">0</subfield>
    <subfield code="8">HEMEROTECA</subfield>
    <subfield code="a">BC</subfield>
    <subfield code="b">BC</subfield>
    <subfield code="c">EST01B</subfield>
    <subfield code="h">Volumen 03, N&#xFA;mero 02, Abril 1987</subfield>
    <subfield code="l">0</subfield>
    <subfield code="p">0726658</subfield>
    <subfield code="y">REVISTA</subfield>
  </datafield>
  <datafield tag="952" ind1=" " ind2=" ">
    <subfield code="0">0</subfield>
    <subfield code="1">0</subfield>
    <subfield code="4">0</subfield>
    <subfield code="7">0</subfield>
    <subfield code="8">HEMEROTECA</subfield>
    <subfield code="a">BC</subfield>
    <subfield code="b">BC</subfield>
    <subfield code="c">EST01B</subfield>
    <subfield code="h">Volumen 06, N&#xFA;mero 06, Noviembre 1990</subfield>
    <subfield code="l">0</subfield>
    <subfield code="p">0689422</subfield>
    <subfield code="y">REVISTA</subfield>
  </datafield>
  <datafield tag="952" ind1=" " ind2=" ">
    <subfield code="0">0</subfield>
    <subfield code="1">0</subfield>
    <subfield code="4">0</subfield>
    <subfield code="7">0</subfield>
    <subfield code="8">HEMEROTECA</subfield>
    <subfield code="a">BC</subfield>
    <subfield code="b">BC</subfield>
    <subfield code="c">EST01B</subfield>
    <subfield code="h">Volumen 23, N&#xFA;mero 05, Octubre 2007</subfield>
    <subfield code="l">0</subfield>
    <subfield code="p">0720562</subfield>
    <subfield code="y">REVISTA</subfield>
  </datafield>
  <datafield tag="952" ind1=" " ind2=" ">
    <subfield code="0">0</subfield>
    <subfield code="1">0</subfield>
    <subfield code="4">0</subfield>
    <subfield code="7">0</subfield>
    <subfield code="8">HEMEROTECA</subfield>
    <subfield code="a">BC</subfield>
    <subfield code="b">BC</subfield>
    <subfield code="c">EST01B</subfield>
    <subfield code="h">Volumen 15, N&#xFA;mero 04, Agosto 1999</subfield>
    <subfield code="l">0</subfield>
    <subfield code="p">6-10000003156791</subfield>
    <subfield code="y">REVISTA</subfield>
  </datafield>
  <datafield tag="952" ind1=" " ind2=" ">
    <subfield code="0">0</subfield>
    <subfield code="1">0</subfield>
    <subfield code="4">0</subfield>
    <subfield code="7">0</subfield>
    <subfield code="8">HEMEROTECA</subfield>
    <subfield code="a">BC</subfield>
    <subfield code="b">BC</subfield>
    <subfield code="c">EST01B</subfield>
    <subfield code="h">Volumen 29, N&#xFA;mero 06, Diciembre 2013</subfield>
    <subfield code="l">0</subfield>
    <subfield code="p">0989801</subfield>
    <subfield code="y">REVISTA</subfield>
  </datafield>
  <datafield tag="952" ind1=" " ind2=" ">
    <subfield code="0">0</subfield>
    <subfield code="1">0</subfield>
    <subfield code="4">0</subfield>
    <subfield code="7">0</subfield>
    <subfield code="8">HEMEROTECA</subfield>
    <subfield code="a">BC</subfield>
    <subfield code="b">BC</subfield>
    <subfield code="c">EST01B</subfield>
    <subfield code="h">Volumen 18, N&#xFA;mero 03, Junio 2002</subfield>
    <subfield code="l">0</subfield>
    <subfield code="p">61000004109427</subfield>
    <subfield code="y">REVISTA</subfield>
  </datafield>
  <datafield tag="952" ind1=" " ind2=" ">
    <subfield code="0">0</subfield>
    <subfield code="1">0</subfield>
    <subfield code="4">0</subfield>
    <subfield code="7">0</subfield>
    <subfield code="8">HEMEROTECA</subfield>
    <subfield code="a">BC</subfield>
    <subfield code="b">BC</subfield>
    <subfield code="c">EST01B</subfield>
    <subfield code="h">Volumen 18, N&#xFA;mero 06, Diciembre 2002</subfield>
    <subfield code="l">0</subfield>
    <subfield code="p">61000004950906</subfield>
    <subfield code="y">REVISTA</subfield>
  </datafield>
  <datafield tag="952" ind1=" " ind2=" ">
    <subfield code="0">0</subfield>
    <subfield code="1">0</subfield>
    <subfield code="4">0</subfield>
    <subfield code="7">0</subfield>
    <subfield code="8">HEMEROTECA</subfield>
    <subfield code="a">BC</subfield>
    <subfield code="b">BC</subfield>
    <subfield code="c">EST01B</subfield>
    <subfield code="h">Volumen 20, N&#xFA;mero 05, Octubre 2004</subfield>
    <subfield code="l">0</subfield>
    <subfield code="p">0553784</subfield>
    <subfield code="y">REVISTA</subfield>
  </datafield>
  <datafield tag="952" ind1=" " ind2=" ">
    <subfield code="0">0</subfield>
    <subfield code="1">0</subfield>
    <subfield code="4">0</subfield>
    <subfield code="7">0</subfield>
    <subfield code="8">HEMEROTECA</subfield>
    <subfield code="a">BC</subfield>
    <subfield code="b">BC</subfield>
    <subfield code="c">EST01B</subfield>
    <subfield code="h">Volumen 22, N&#xFA;mero 06, Diciembre 2006</subfield>
    <subfield code="l">0</subfield>
    <subfield code="p">0707306</subfield>
    <subfield code="y">REVISTA</subfield>
  </datafield>
  <datafield tag="952" ind1=" " ind2=" ">
    <subfield code="0">0</subfield>
    <subfield code="1">0</subfield>
    <subfield code="4">0</subfield>
    <subfield code="7">0</subfield>
    <subfield code="8">HEMEROTECA</subfield>
    <subfield code="a">BC</subfield>
    <subfield code="b">BC</subfield>
    <subfield code="c">EST01B</subfield>
    <subfield code="h">Volumen 32, N&#xFA;mero 03, Junio 2016                                                                </subfield>
    <subfield code="l">0</subfield>
    <subfield code="p">1018138</subfield>
    <subfield code="y">REVISTA</subfield>
  </datafield>
  <datafield tag="952" ind1=" " ind2=" ">
    <subfield code="0">0</subfield>
    <subfield code="1">0</subfield>
    <subfield code="4">0</subfield>
    <subfield code="7">0</subfield>
    <subfield code="8">HEMEROTECA</subfield>
    <subfield code="a">BC</subfield>
    <subfield code="b">BC</subfield>
    <subfield code="c">EST01B</subfield>
    <subfield code="h">Volumen 32, N&#xFA;mero 04, Agosto 2016</subfield>
    <subfield code="l">0</subfield>
    <subfield code="p">1015616</subfield>
    <subfield code="y">REVISTA</subfield>
  </datafield>
  <datafield tag="952" ind1=" " ind2=" ">
    <subfield code="0">0</subfield>
    <subfield code="1">0</subfield>
    <subfield code="4">0</subfield>
    <subfield code="7">0</subfield>
    <subfield code="8">HEMEROTECA</subfield>
    <subfield code="a">BC</subfield>
    <subfield code="b">BC</subfield>
    <subfield code="c">EST01B</subfield>
    <subfield code="h">Volumen 34, N&#xFA;mero 04, Agosto de 2018</subfield>
    <subfield code="l">0</subfield>
    <subfield code="p">01068816</subfield>
    <subfield code="y">REVISTA</subfield>
  </datafield>
  <datafield tag="952" ind1=" " ind2=" ">
    <subfield code="0">0</subfield>
    <subfield code="1">0</subfield>
    <subfield code="4">0</subfield>
    <subfield code="7">0</subfield>
    <subfield code="8">HEMEROTECA</subfield>
    <subfield code="a">BC</subfield>
    <subfield code="b">BC</subfield>
    <subfield code="c">EST01B</subfield>
    <subfield code="h">Volumen 38, N&#xFA;mero 02, Abril de 2022</subfield>
    <subfield code="l">1</subfield>
    <subfield code="p">01091533</subfield>
    <subfield code="r">2026-02-06 08:54:42</subfield>
    <subfield code="s">2025-11-14</subfield>
    <subfield code="y">REVISTA</subfield>
  </datafield>
  <datafield tag="952" ind1=" " ind2=" ">
    <subfield code="0">0</subfield>
    <subfield code="1">0</subfield>
    <subfield code="4">0</subfield>
    <subfield code="7">0</subfield>
    <subfield code="8">HEMEROTECA</subfield>
    <subfield code="a">BC</subfield>
    <subfield code="b">BC</subfield>
    <subfield code="c">EST01B</subfield>
    <subfield code="h">Volumen 37, N&#xFA;mero 04, Agosto de 2021</subfield>
    <subfield code="l">0</subfield>
    <subfield code="p">01075464</subfield>
    <subfield code="r">2025-02-01 00:00:00</subfield>
    <subfield code="y">REVISTA</subfield>
  </datafield>
  <datafield tag="952" ind1=" " ind2=" ">
    <subfield code="0">0</subfield>
    <subfield code="1">0</subfield>
    <subfield code="4">0</subfield>
    <subfield code="7">0</subfield>
    <subfield code="8">HEMEROTECA</subfield>
    <subfield code="a">BC</subfield>
    <subfield code="b">BC</subfield>
    <subfield code="c">EST01B</subfield>
    <subfield code="h">Volumen 11, N&#xFA;mero 06, Diciembre 1995</subfield>
    <subfield code="l">0</subfield>
    <subfield code="p">0714273</subfield>
    <subfield code="y">REVISTA</subfield>
  </datafield>
  <datafield tag="952" ind1=" " ind2=" ">
    <subfield code="0">0</subfield>
    <subfield code="1">0</subfield>
    <subfield code="4">0</subfield>
    <subfield code="7">0</subfield>
    <subfield code="8">HEMEROTECA</subfield>
    <subfield code="a">BC</subfield>
    <subfield code="b">BC</subfield>
    <subfield code="c">EST01B</subfield>
    <subfield code="h">Volumen 02, N&#xFA;mero 04, Agosto 1986</subfield>
    <subfield code="l">0</subfield>
    <subfield code="p">0726652</subfield>
    <subfield code="y">REVISTA</subfield>
  </datafield>
  <datafield tag="952" ind1=" " ind2=" ">
    <subfield code="0">0</subfield>
    <subfield code="1">0</subfield>
    <subfield code="4">0</subfield>
    <subfield code="7">0</subfield>
    <subfield code="8">HEMEROTECA</subfield>
    <subfield code="a">BC</subfield>
    <subfield code="b">BC</subfield>
    <subfield code="c">EST01B</subfield>
    <subfield code="h">Volumen 02, N&#xFA;mero 02, Abril 1986</subfield>
    <subfield code="l">0</subfield>
    <subfield code="p">0726653</subfield>
    <subfield code="y">REVISTA</subfield>
  </datafield>
  <datafield tag="952" ind1=" " ind2=" ">
    <subfield code="0">0</subfield>
    <subfield code="1">0</subfield>
    <subfield code="4">0</subfield>
    <subfield code="7">0</subfield>
    <subfield code="8">HEMEROTECA</subfield>
    <subfield code="a">BC</subfield>
    <subfield code="b">BC</subfield>
    <subfield code="c">EST01B</subfield>
    <subfield code="h">Volumen 05, N&#xFA;mero 06, Noviembre 1989</subfield>
    <subfield code="l">0</subfield>
    <subfield code="p">0689428</subfield>
    <subfield code="y">REVISTA</subfield>
  </datafield>
  <datafield tag="952" ind1=" " ind2=" ">
    <subfield code="0">0</subfield>
    <subfield code="1">0</subfield>
    <subfield code="4">0</subfield>
    <subfield code="7">0</subfield>
    <subfield code="8">HEMEROTECA</subfield>
    <subfield code="a">BC</subfield>
    <subfield code="b">BC</subfield>
    <subfield code="c">EST01B</subfield>
    <subfield code="h">Volumen 08, N&#xFA;mero 05, Octubre 1992</subfield>
    <subfield code="l">0</subfield>
    <subfield code="p">0726672</subfield>
    <subfield code="y">REVISTA</subfield>
  </datafield>
  <datafield tag="952" ind1=" " ind2=" ">
    <subfield code="0">0</subfield>
    <subfield code="1">0</subfield>
    <subfield code="4">0</subfield>
    <subfield code="7">0</subfield>
    <subfield code="8">HEMEROTECA</subfield>
    <subfield code="a">BC</subfield>
    <subfield code="b">BC</subfield>
    <subfield code="c">EST01B</subfield>
    <subfield code="h">Volumen 11, N&#xFA;mero 03, Junio 1995</subfield>
    <subfield code="l">0</subfield>
    <subfield code="p">0714268</subfield>
    <subfield code="y">REVISTA</subfield>
  </datafield>
  <datafield tag="952" ind1=" " ind2=" ">
    <subfield code="0">0</subfield>
    <subfield code="1">0</subfield>
    <subfield code="4">0</subfield>
    <subfield code="7">0</subfield>
    <subfield code="8">HEMEROTECA</subfield>
    <subfield code="a">BC</subfield>
    <subfield code="b">BC</subfield>
    <subfield code="c">EST01B</subfield>
    <subfield code="h">Volumen 23, N&#xFA;mero 01, Febrero 2007</subfield>
    <subfield code="l">0</subfield>
    <subfield code="p">0707304</subfield>
    <subfield code="y">REVISTA</subfield>
  </datafield>
  <datafield tag="952" ind1=" " ind2=" ">
    <subfield code="0">0</subfield>
    <subfield code="1">0</subfield>
    <subfield code="4">0</subfield>
    <subfield code="7">0</subfield>
    <subfield code="8">HEMEROTECA</subfield>
    <subfield code="a">BC</subfield>
    <subfield code="b">BC</subfield>
    <subfield code="c">EST01B</subfield>
    <subfield code="h">Volumen 22, N&#xFA;mero 04, Agosto 2006</subfield>
    <subfield code="l">0</subfield>
    <subfield code="p">0707307</subfield>
    <subfield code="y">REVISTA</subfield>
  </datafield>
  <datafield tag="952" ind1=" " ind2=" ">
    <subfield code="0">0</subfield>
    <subfield code="1">0</subfield>
    <subfield code="4">0</subfield>
    <subfield code="7">0</subfield>
    <subfield code="8">HEMEROTEC</subfield>
    <subfield code="a">CISH</subfield>
    <subfield code="b">CISH</subfield>
    <subfield code="h">Volumen 27, N&#xFA;mero 05, Octubre 2011</subfield>
    <subfield code="l">0</subfield>
    <subfield code="p">0625536</subfield>
    <subfield code="y">REVISTA</subfield>
  </datafield>
  <datafield tag="952" ind1=" " ind2=" ">
    <subfield code="0">0</subfield>
    <subfield code="1">0</subfield>
    <subfield code="4">0</subfield>
    <subfield code="7">0</subfield>
    <subfield code="8">HEMEROTECA</subfield>
    <subfield code="a">BC</subfield>
    <subfield code="b">BC</subfield>
    <subfield code="c">EST01B</subfield>
    <subfield code="h">Volumen 35, N&#xFA;mero 03, Junio de 2019</subfield>
    <subfield code="l">0</subfield>
    <subfield code="p">01068968</subfield>
    <subfield code="y">REVISTA</subfield>
  </datafield>
  <datafield tag="952" ind1=" " ind2=" ">
    <subfield code="0">0</subfield>
    <subfield code="1">0</subfield>
    <subfield code="4">0</subfield>
    <subfield code="7">0</subfield>
    <subfield code="8">HEMEROTECA</subfield>
    <subfield code="a">BC</subfield>
    <subfield code="b">BC</subfield>
    <subfield code="c">EST01B</subfield>
    <subfield code="h">Volumen 12, N&#xFA;mero 03, Junio 1996</subfield>
    <subfield code="l">0</subfield>
    <subfield code="p">0726668</subfield>
    <subfield code="y">REVISTA</subfield>
  </datafield>
  <datafield tag="952" ind1=" " ind2=" ">
    <subfield code="0">0</subfield>
    <subfield code="1">0</subfield>
    <subfield code="4">0</subfield>
    <subfield code="7">0</subfield>
    <subfield code="8">HEMEROTECA</subfield>
    <subfield code="a">BC</subfield>
    <subfield code="b">BC</subfield>
    <subfield code="c">EST01B</subfield>
    <subfield code="h">Volumen 17, N&#xFA;mero 01, Febrero 2001</subfield>
    <subfield code="l">0</subfield>
    <subfield code="p">61000003654213</subfield>
    <subfield code="y">REVISTA</subfield>
  </datafield>
  <datafield tag="952" ind1=" " ind2=" ">
    <subfield code="0">0</subfield>
    <subfield code="1">0</subfield>
    <subfield code="4">0</subfield>
    <subfield code="7">0</subfield>
    <subfield code="8">HEMEROTECA</subfield>
    <subfield code="a">BC</subfield>
    <subfield code="b">BC</subfield>
    <subfield code="c">EST01B</subfield>
    <subfield code="h">Volumen 17, N&#xFA;mero 06, Diciembre 2001</subfield>
    <subfield code="l">0</subfield>
    <subfield code="p">61000003654155</subfield>
    <subfield code="y">REVISTA</subfield>
  </datafield>
  <datafield tag="952" ind1=" " ind2=" ">
    <subfield code="0">0</subfield>
    <subfield code="1">0</subfield>
    <subfield code="4">0</subfield>
    <subfield code="7">0</subfield>
    <subfield code="8">HEMEROTECA</subfield>
    <subfield code="a">BC</subfield>
    <subfield code="b">BC</subfield>
    <subfield code="c">EST01B</subfield>
    <subfield code="h">Volumen 21, N&#xFA;mero 03, Junio 2005</subfield>
    <subfield code="l">0</subfield>
    <subfield code="p">0567326</subfield>
    <subfield code="y">REVISTA</subfield>
  </datafield>
  <datafield tag="952" ind1=" " ind2=" ">
    <subfield code="0">0</subfield>
    <subfield code="1">0</subfield>
    <subfield code="4">0</subfield>
    <subfield code="7">0</subfield>
    <subfield code="8">HEMEROTECA</subfield>
    <subfield code="a">BC</subfield>
    <subfield code="b">BC</subfield>
    <subfield code="c">EST01B</subfield>
    <subfield code="h">Volumen 23, N&#xFA;mero 06, Diciembre 2007</subfield>
    <subfield code="l">0</subfield>
    <subfield code="p">0720355</subfield>
    <subfield code="y">REVISTA</subfield>
  </datafield>
  <datafield tag="952" ind1=" " ind2=" ">
    <subfield code="0">0</subfield>
    <subfield code="1">0</subfield>
    <subfield code="4">0</subfield>
    <subfield code="7">0</subfield>
    <subfield code="8">HEMEROTECA</subfield>
    <subfield code="a">BC</subfield>
    <subfield code="b">BC</subfield>
    <subfield code="c">EST01B</subfield>
    <subfield code="h">Volumen 24, N&#xFA;mero 03, Junio 2008</subfield>
    <subfield code="l">0</subfield>
    <subfield code="p">0729928</subfield>
    <subfield code="y">REVISTA</subfield>
  </datafield>
  <datafield tag="952" ind1=" " ind2=" ">
    <subfield code="0">0</subfield>
    <subfield code="1">0</subfield>
    <subfield code="4">0</subfield>
    <subfield code="7">0</subfield>
    <subfield code="8">HEMEROTECA</subfield>
    <subfield code="a">BC</subfield>
    <subfield code="b">BC</subfield>
    <subfield code="c">EST01B</subfield>
    <subfield code="h">Volumen 28, N&#xFA;mero 02, Abril 2012</subfield>
    <subfield code="l">0</subfield>
    <subfield code="p">807348</subfield>
    <subfield code="y">REVISTA</subfield>
  </datafield>
  <datafield tag="952" ind1=" " ind2=" ">
    <subfield code="0">0</subfield>
    <subfield code="1">0</subfield>
    <subfield code="4">0</subfield>
    <subfield code="7">0</subfield>
    <subfield code="8">HEMEROTECA</subfield>
    <subfield code="a">BC</subfield>
    <subfield code="b">BC</subfield>
    <subfield code="c">EST01B</subfield>
    <subfield code="h">Volumen 34, N&#xFA;mero 06, Diciembre de 2018</subfield>
    <subfield code="l">0</subfield>
    <subfield code="p">01068679</subfield>
    <subfield code="y">REVISTA</subfield>
  </datafield>
  <datafield tag="952" ind1=" " ind2=" ">
    <subfield code="0">0</subfield>
    <subfield code="1">0</subfield>
    <subfield code="4">0</subfield>
    <subfield code="7">0</subfield>
    <subfield code="8">HEMEROTECA</subfield>
    <subfield code="a">BC</subfield>
    <subfield code="b">BC</subfield>
    <subfield code="c">EST01B</subfield>
    <subfield code="h">Volumen 10, N&#xFA;mero 03, Junio 1994</subfield>
    <subfield code="l">0</subfield>
    <subfield code="p">61000004974551</subfield>
    <subfield code="y">REVISTA</subfield>
  </datafield>
  <datafield tag="952" ind1=" " ind2=" ">
    <subfield code="0">0</subfield>
    <subfield code="1">0</subfield>
    <subfield code="4">0</subfield>
    <subfield code="7">0</subfield>
    <subfield code="8">HEMEROTECA</subfield>
    <subfield code="a">BC</subfield>
    <subfield code="b">BC</subfield>
    <subfield code="c">EST01B</subfield>
    <subfield code="h">Volumen 06, N&#xFA;mero 04, Agosto 1990</subfield>
    <subfield code="l">0</subfield>
    <subfield code="p">0689420</subfield>
    <subfield code="y">REVISTA</subfield>
  </datafield>
  <datafield tag="952" ind1=" " ind2=" ">
    <subfield code="0">0</subfield>
    <subfield code="1">0</subfield>
    <subfield code="4">0</subfield>
    <subfield code="7">0</subfield>
    <subfield code="8">HEMEROTECA</subfield>
    <subfield code="a">BC</subfield>
    <subfield code="b">BC</subfield>
    <subfield code="c">EST01B</subfield>
    <subfield code="h">Volumen 07, N&#xFA;mero 03, Junio 1991</subfield>
    <subfield code="l">0</subfield>
    <subfield code="p">0689424</subfield>
    <subfield code="y">REVISTA</subfield>
  </datafield>
  <datafield tag="952" ind1=" " ind2=" ">
    <subfield code="0">0</subfield>
    <subfield code="1">0</subfield>
    <subfield code="4">0</subfield>
    <subfield code="7">0</subfield>
    <subfield code="8">HEMEROTECA</subfield>
    <subfield code="a">BC</subfield>
    <subfield code="b">BC</subfield>
    <subfield code="c">EST01B</subfield>
    <subfield code="h">Volumen 01, N&#xFA;mero 03, Junio 1985</subfield>
    <subfield code="l">0</subfield>
    <subfield code="p">0726646</subfield>
    <subfield code="y">REVISTA</subfield>
  </datafield>
  <datafield tag="952" ind1=" " ind2=" ">
    <subfield code="0">0</subfield>
    <subfield code="1">0</subfield>
    <subfield code="4">0</subfield>
    <subfield code="7">0</subfield>
    <subfield code="8">HEMEROTECA</subfield>
    <subfield code="a">BC</subfield>
    <subfield code="b">BC</subfield>
    <subfield code="c">EST01B</subfield>
    <subfield code="h">Volumen 12, N&#xFA;mero 05, Octubre 1996</subfield>
    <subfield code="l">0</subfield>
    <subfield code="p">0714276</subfield>
    <subfield code="y">REVISTA</subfield>
  </datafield>
  <datafield tag="952" ind1=" " ind2=" ">
    <subfield code="0">0</subfield>
    <subfield code="1">0</subfield>
    <subfield code="4">0</subfield>
    <subfield code="7">0</subfield>
    <subfield code="8">HEMEROTECA</subfield>
    <subfield code="a">BC</subfield>
    <subfield code="b">BC</subfield>
    <subfield code="c">EST01B</subfield>
    <subfield code="h">Volumen 09, N&#xFA;mero 06, Diciembre 1993</subfield>
    <subfield code="l">0</subfield>
    <subfield code="p">0726681</subfield>
    <subfield code="y">REVISTA</subfield>
  </datafield>
  <datafield tag="952" ind1=" " ind2=" ">
    <subfield code="0">0</subfield>
    <subfield code="1">0</subfield>
    <subfield code="4">0</subfield>
    <subfield code="7">0</subfield>
    <subfield code="8">HEMEROTECA</subfield>
    <subfield code="a">BC</subfield>
    <subfield code="b">BC</subfield>
    <subfield code="c">EST01B</subfield>
    <subfield code="h">Volumen 13, N&#xFA;mero 06, Diciembre 1997</subfield>
    <subfield code="l">0</subfield>
    <subfield code="p">0726689</subfield>
    <subfield code="y">REVISTA</subfield>
  </datafield>
  <datafield tag="952" ind1=" " ind2=" ">
    <subfield code="0">0</subfield>
    <subfield code="1">0</subfield>
    <subfield code="4">0</subfield>
    <subfield code="7">0</subfield>
    <subfield code="8">HEMEROTECA</subfield>
    <subfield code="a">BC</subfield>
    <subfield code="b">BC</subfield>
    <subfield code="c">EST01B</subfield>
    <subfield code="h">Volumen 16, N&#xFA;mero 01, Febrero 2000</subfield>
    <subfield code="l">0</subfield>
    <subfield code="p">6-402461</subfield>
    <subfield code="y">REVISTA</subfield>
  </datafield>
  <datafield tag="952" ind1=" " ind2=" ">
    <subfield code="0">0</subfield>
    <subfield code="1">0</subfield>
    <subfield code="4">0</subfield>
    <subfield code="7">0</subfield>
    <subfield code="8">HEMEROTECA</subfield>
    <subfield code="a">BC</subfield>
    <subfield code="b">BC</subfield>
    <subfield code="c">EST01B</subfield>
    <subfield code="h">Volumen 18, N&#xFA;mero 05, Octubre 2002</subfield>
    <subfield code="l">0</subfield>
    <subfield code="p">61000004950920</subfield>
    <subfield code="y">REVISTA</subfield>
  </datafield>
  <datafield tag="952" ind1=" " ind2=" ">
    <subfield code="0">0</subfield>
    <subfield code="1">0</subfield>
    <subfield code="4">0</subfield>
    <subfield code="7">0</subfield>
    <subfield code="8">HEMEROTECA</subfield>
    <subfield code="a">BC</subfield>
    <subfield code="b">BC</subfield>
    <subfield code="c">EST01B</subfield>
    <subfield code="h">Volumen 29, N&#xFA;mero 04, Agosto 2013</subfield>
    <subfield code="l">0</subfield>
    <subfield code="p">0980402</subfield>
    <subfield code="y">REVISTA</subfield>
  </datafield>
  <datafield tag="952" ind1=" " ind2=" ">
    <subfield code="0">0</subfield>
    <subfield code="1">0</subfield>
    <subfield code="4">0</subfield>
    <subfield code="7">0</subfield>
    <subfield code="8">HEMEROTECA</subfield>
    <subfield code="a">BC</subfield>
    <subfield code="b">BC</subfield>
    <subfield code="c">EST01B</subfield>
    <subfield code="h">Volumen 30, N&#xFA;mero 02, Abril 2014</subfield>
    <subfield code="l">0</subfield>
    <subfield code="p">0988977</subfield>
    <subfield code="y">REVISTA</subfield>
  </datafield>
  <datafield tag="952" ind1=" " ind2=" ">
    <subfield code="0">0</subfield>
    <subfield code="1">0</subfield>
    <subfield code="4">0</subfield>
    <subfield code="7">0</subfield>
    <subfield code="8">HEMEROTECA</subfield>
    <subfield code="a">BC</subfield>
    <subfield code="b">BC</subfield>
    <subfield code="c">EST01B</subfield>
    <subfield code="h">Volumen 37, N&#xFA;mero 05, Octubre de 2021</subfield>
    <subfield code="l">0</subfield>
    <subfield code="p">01089733</subfield>
    <subfield code="r">2025-02-01 00:00:00</subfield>
    <subfield code="y">REVISTA</subfield>
  </datafield>
  <datafield tag="952" ind1=" " ind2=" ">
    <subfield code="0">0</subfield>
    <subfield code="1">0</subfield>
    <subfield code="4">0</subfield>
    <subfield code="7">0</subfield>
    <subfield code="8">HEMEROTECA</subfield>
    <subfield code="a">BC</subfield>
    <subfield code="b">BC</subfield>
    <subfield code="c">EST01B</subfield>
    <subfield code="h">Volumen 37, N&#xFA;mero 06, Diciembre de 2021</subfield>
    <subfield code="l">1</subfield>
    <subfield code="p">01089732</subfield>
    <subfield code="r">2025-02-14 12:11:09</subfield>
    <subfield code="s">2025-02-01</subfield>
    <subfield code="y">REVISTA</subfield>
  </datafield>
  <datafield tag="952" ind1=" " ind2=" ">
    <subfield code="0">0</subfield>
    <subfield code="1">0</subfield>
    <subfield code="4">0</subfield>
    <subfield code="7">0</subfield>
    <subfield code="8">HEMEROTECA</subfield>
    <subfield code="a">BC</subfield>
    <subfield code="b">BC</subfield>
    <subfield code="c">EST01B</subfield>
    <subfield code="h">Volumen 12, N&#xFA;mero 02, Abril 1996</subfield>
    <subfield code="l">0</subfield>
    <subfield code="p">0714282</subfield>
    <subfield code="y">REVISTA</subfield>
  </datafield>
  <datafield tag="952" ind1=" " ind2=" ">
    <subfield code="0">0</subfield>
    <subfield code="1">0</subfield>
    <subfield code="4">0</subfield>
    <subfield code="7">0</subfield>
    <subfield code="8">HEMEROTECA</subfield>
    <subfield code="a">BC</subfield>
    <subfield code="b">BC</subfield>
    <subfield code="c">EST01B</subfield>
    <subfield code="h">Volumen 11, N&#xFA;mero 05, Octubre 1995</subfield>
    <subfield code="l">0</subfield>
    <subfield code="p">0714270</subfield>
    <subfield code="y">REVISTA</subfield>
  </datafield>
  <datafield tag="952" ind1=" " ind2=" ">
    <subfield code="0">0</subfield>
    <subfield code="1">0</subfield>
    <subfield code="4">0</subfield>
    <subfield code="7">0</subfield>
    <subfield code="8">HEMEROTECA</subfield>
    <subfield code="a">BC</subfield>
    <subfield code="b">BC</subfield>
    <subfield code="c">EST01B</subfield>
    <subfield code="h">Volumen 08, N&#xFA;mero 02, Abril 1992</subfield>
    <subfield code="l">0</subfield>
    <subfield code="p">0726669</subfield>
    <subfield code="y">REVISTA</subfield>
  </datafield>
  <datafield tag="952" ind1=" " ind2=" ">
    <subfield code="0">0</subfield>
    <subfield code="1">0</subfield>
    <subfield code="4">0</subfield>
    <subfield code="7">0</subfield>
    <subfield code="8">HEMEROTECA</subfield>
    <subfield code="a">BC</subfield>
    <subfield code="b">BC</subfield>
    <subfield code="c">EST01B</subfield>
    <subfield code="h">Volumen 13, N&#xFA;mero 04, Agosto 1997</subfield>
    <subfield code="l">0</subfield>
    <subfield code="p">0726686</subfield>
    <subfield code="y">REVISTA</subfield>
  </datafield>
  <datafield tag="952" ind1=" " ind2=" ">
    <subfield code="0">0</subfield>
    <subfield code="1">0</subfield>
    <subfield code="4">0</subfield>
    <subfield code="7">0</subfield>
    <subfield code="8">HEMEROTECA</subfield>
    <subfield code="a">BC</subfield>
    <subfield code="b">BC</subfield>
    <subfield code="c">EST01B</subfield>
    <subfield code="h">Volumen 14, N&#xFA;mero 06, Octubre 1988</subfield>
    <subfield code="l">0</subfield>
    <subfield code="p">61000000046884</subfield>
    <subfield code="y">REVISTA</subfield>
  </datafield>
  <datafield tag="952" ind1=" " ind2=" ">
    <subfield code="0">0</subfield>
    <subfield code="1">0</subfield>
    <subfield code="4">0</subfield>
    <subfield code="7">0</subfield>
    <subfield code="8">HEMEROTECA</subfield>
    <subfield code="a">BC</subfield>
    <subfield code="b">BC</subfield>
    <subfield code="c">EST01B</subfield>
    <subfield code="h">Volumen 15, N&#xFA;mero 06, Diciembre 1999</subfield>
    <subfield code="l">0</subfield>
    <subfield code="p">6-10000003156812</subfield>
    <subfield code="y">REVISTA</subfield>
  </datafield>
  <datafield tag="952" ind1=" " ind2=" ">
    <subfield code="0">0</subfield>
    <subfield code="1">0</subfield>
    <subfield code="4">0</subfield>
    <subfield code="7">0</subfield>
    <subfield code="8">HEMEROTECA</subfield>
    <subfield code="a">BC</subfield>
    <subfield code="b">BC</subfield>
    <subfield code="c">EST01B</subfield>
    <subfield code="h">Volumen 20, N&#xFA;mero 04, Agosto 2004</subfield>
    <subfield code="l">0</subfield>
    <subfield code="p">0555684</subfield>
    <subfield code="y">REVISTA</subfield>
  </datafield>
  <datafield tag="952" ind1=" " ind2=" ">
    <subfield code="0">0</subfield>
    <subfield code="1">0</subfield>
    <subfield code="4">0</subfield>
    <subfield code="7">0</subfield>
    <subfield code="8">HEMEROTECA</subfield>
    <subfield code="a">BC</subfield>
    <subfield code="b">BC</subfield>
    <subfield code="c">EST01B</subfield>
    <subfield code="h">Volumen 23, N&#xFA;mero 02, Abril 2007</subfield>
    <subfield code="l">0</subfield>
    <subfield code="p">0707303</subfield>
    <subfield code="y">REVISTA</subfield>
  </datafield>
  <datafield tag="952" ind1=" " ind2=" ">
    <subfield code="0">0</subfield>
    <subfield code="1">0</subfield>
    <subfield code="4">0</subfield>
    <subfield code="7">0</subfield>
    <subfield code="8">HEMEROTECA</subfield>
    <subfield code="a">BC</subfield>
    <subfield code="b">BC</subfield>
    <subfield code="c">EST01B</subfield>
    <subfield code="h">Volumen 24, N&#xFA;mero 01, Febrero 2008</subfield>
    <subfield code="l">0</subfield>
    <subfield code="p">0724568</subfield>
    <subfield code="y">REVISTA</subfield>
  </datafield>
  <datafield tag="952" ind1=" " ind2=" ">
    <subfield code="0">0</subfield>
    <subfield code="1">0</subfield>
    <subfield code="4">0</subfield>
    <subfield code="7">0</subfield>
    <subfield code="8">HEMEROTECA</subfield>
    <subfield code="a">BC</subfield>
    <subfield code="b">BC</subfield>
    <subfield code="c">EST01B</subfield>
    <subfield code="h">Volumen 24, N&#xFA;mero 06, Diciembre 2008</subfield>
    <subfield code="l">0</subfield>
    <subfield code="p">0686959</subfield>
    <subfield code="y">REVISTA</subfield>
  </datafield>
  <datafield tag="952" ind1=" " ind2=" ">
    <subfield code="0">0</subfield>
    <subfield code="1">0</subfield>
    <subfield code="4">0</subfield>
    <subfield code="7">0</subfield>
    <subfield code="8">HEMEROTEC</subfield>
    <subfield code="a">CISH</subfield>
    <subfield code="b">CISH</subfield>
    <subfield code="h">Volumen 27, N&#xFA;mero 04, Agosto 2011</subfield>
    <subfield code="l">0</subfield>
    <subfield code="p">0625530</subfield>
    <subfield code="y">REVISTA</subfield>
  </datafield>
  <datafield tag="952" ind1=" " ind2=" ">
    <subfield code="0">0</subfield>
    <subfield code="1">0</subfield>
    <subfield code="4">0</subfield>
    <subfield code="7">0</subfield>
    <subfield code="8">HEMEROTECA</subfield>
    <subfield code="a">BC</subfield>
    <subfield code="b">BC</subfield>
    <subfield code="c">EST01B</subfield>
    <subfield code="h">Volumen 29, N&#xFA;mero 03, Junio 2013</subfield>
    <subfield code="l">0</subfield>
    <subfield code="p">0978485</subfield>
    <subfield code="y">REVISTA</subfield>
  </datafield>
  <datafield tag="952" ind1=" " ind2=" ">
    <subfield code="0">0</subfield>
    <subfield code="1">0</subfield>
    <subfield code="4">0</subfield>
    <subfield code="7">0</subfield>
    <subfield code="8">HEMEROTECA</subfield>
    <subfield code="a">BC</subfield>
    <subfield code="b">BC</subfield>
    <subfield code="c">EST01B</subfield>
    <subfield code="h">Volumen 04, N&#xFA;mero 06, Diciembre 1988</subfield>
    <subfield code="l">0</subfield>
    <subfield code="p">0689429</subfield>
    <subfield code="y">REVISTA</subfield>
  </datafield>
  <datafield tag="952" ind1=" " ind2=" ">
    <subfield code="0">0</subfield>
    <subfield code="1">0</subfield>
    <subfield code="4">0</subfield>
    <subfield code="7">0</subfield>
    <subfield code="8">HEMEROTECA</subfield>
    <subfield code="a">BC</subfield>
    <subfield code="b">BC</subfield>
    <subfield code="c">EST01B</subfield>
    <subfield code="h">Volumen 13, N&#xFA;mero 03, Junio 1997</subfield>
    <subfield code="l">0</subfield>
    <subfield code="p">0726688</subfield>
    <subfield code="y">REVISTA</subfield>
  </datafield>
  <datafield tag="952" ind1=" " ind2=" ">
    <subfield code="0">0</subfield>
    <subfield code="1">0</subfield>
    <subfield code="4">0</subfield>
    <subfield code="7">0</subfield>
    <subfield code="8">HEMEROTECA</subfield>
    <subfield code="a">BC</subfield>
    <subfield code="b">BC</subfield>
    <subfield code="c">EST01B</subfield>
    <subfield code="h">Volumen 09, N&#xFA;mero 03, Junio 1993</subfield>
    <subfield code="l">0</subfield>
    <subfield code="p">0726676</subfield>
    <subfield code="y">REVISTA</subfield>
  </datafield>
  <datafield tag="952" ind1=" " ind2=" ">
    <subfield code="0">0</subfield>
    <subfield code="1">0</subfield>
    <subfield code="4">0</subfield>
    <subfield code="7">0</subfield>
    <subfield code="8">HEMEROTECA</subfield>
    <subfield code="a">BC</subfield>
    <subfield code="b">BC</subfield>
    <subfield code="c">EST01B</subfield>
    <subfield code="h">Volumen 05, N&#xFA;mero 04, Agosto 1989</subfield>
    <subfield code="l">0</subfield>
    <subfield code="p">0689414</subfield>
    <subfield code="y">REVISTA</subfield>
  </datafield>
  <datafield tag="952" ind1=" " ind2=" ">
    <subfield code="0">0</subfield>
    <subfield code="1">0</subfield>
    <subfield code="4">0</subfield>
    <subfield code="7">0</subfield>
    <subfield code="8">HEMEROTECA</subfield>
    <subfield code="a">BC</subfield>
    <subfield code="b">BC</subfield>
    <subfield code="c">EST01B</subfield>
    <subfield code="h">Vol&#xFA;men 31, N&#xFA;mero 02, Abril 2015</subfield>
    <subfield code="l">0</subfield>
    <subfield code="p">01011091</subfield>
    <subfield code="y">REVISTA</subfield>
  </datafield>
  <datafield tag="952" ind1=" " ind2=" ">
    <subfield code="0">0</subfield>
    <subfield code="1">0</subfield>
    <subfield code="4">0</subfield>
    <subfield code="7">0</subfield>
    <subfield code="8">HEMEROTECA</subfield>
    <subfield code="a">BC</subfield>
    <subfield code="b">BC</subfield>
    <subfield code="c">EST01B</subfield>
    <subfield code="h">Volumen 16, N&#xFA;mero 06, Diciembre 2000</subfield>
    <subfield code="l">0</subfield>
    <subfield code="p">61000003880263</subfield>
    <subfield code="y">REVISTA</subfield>
  </datafield>
  <datafield tag="952" ind1=" " ind2=" ">
    <subfield code="0">0</subfield>
    <subfield code="1">0</subfield>
    <subfield code="4">0</subfield>
    <subfield code="7">0</subfield>
    <subfield code="8">HEMEROTECA</subfield>
    <subfield code="a">BC</subfield>
    <subfield code="b">BC</subfield>
    <subfield code="c">EST01B</subfield>
    <subfield code="h">Volumen 25, N&#xFA;mero 02, Abril 2009</subfield>
    <subfield code="l">0</subfield>
    <subfield code="p">0688941</subfield>
    <subfield code="y">REVISTA</subfield>
  </datafield>
  <datafield tag="952" ind1=" " ind2=" ">
    <subfield code="0">0</subfield>
    <subfield code="1">0</subfield>
    <subfield code="4">0</subfield>
    <subfield code="7">0</subfield>
    <subfield code="8">HEMEROTECA</subfield>
    <subfield code="a">BC</subfield>
    <subfield code="b">BC</subfield>
    <subfield code="c">EST01B</subfield>
    <subfield code="h">Volumen 27, N&#xFA;mero 06, Diciembre 2011</subfield>
    <subfield code="l">0</subfield>
    <subfield code="p">798492</subfield>
    <subfield code="y">REVISTA</subfield>
  </datafield>
  <datafield tag="952" ind1=" " ind2=" ">
    <subfield code="0">0</subfield>
    <subfield code="1">0</subfield>
    <subfield code="4">0</subfield>
    <subfield code="7">0</subfield>
    <subfield code="8">HEMEROTECA</subfield>
    <subfield code="a">BC</subfield>
    <subfield code="b">BC</subfield>
    <subfield code="c">EST01B</subfield>
    <subfield code="h">Volumen 21, N&#xFA;mero 02, Abril 2005</subfield>
    <subfield code="l">0</subfield>
    <subfield code="p">0567327</subfield>
    <subfield code="y">REVISTA</subfield>
  </datafield>
  <datafield tag="952" ind1=" " ind2=" ">
    <subfield code="0">0</subfield>
    <subfield code="1">0</subfield>
    <subfield code="4">0</subfield>
    <subfield code="7">0</subfield>
    <subfield code="8">HEMEROTECA</subfield>
    <subfield code="a">BC</subfield>
    <subfield code="b">BC</subfield>
    <subfield code="c">EST01B</subfield>
    <subfield code="h">Volumen 25, N&#xFA;mero 03, Junio 2009</subfield>
    <subfield code="l">0</subfield>
    <subfield code="p">0688520</subfield>
    <subfield code="y">REVISTA</subfield>
  </datafield>
  <datafield tag="952" ind1=" " ind2=" ">
    <subfield code="0">0</subfield>
    <subfield code="1">0</subfield>
    <subfield code="4">0</subfield>
    <subfield code="7">0</subfield>
    <subfield code="8">HEMEROTECA</subfield>
    <subfield code="a">BC</subfield>
    <subfield code="b">BC</subfield>
    <subfield code="c">EST01B</subfield>
    <subfield code="h">Volumen 09, N&#xFA;mero 01, Febrero 1993</subfield>
    <subfield code="l">0</subfield>
    <subfield code="p">0726674</subfield>
    <subfield code="y">REVISTA</subfield>
  </datafield>
  <datafield tag="952" ind1=" " ind2=" ">
    <subfield code="0">0</subfield>
    <subfield code="1">0</subfield>
    <subfield code="4">0</subfield>
    <subfield code="7">0</subfield>
    <subfield code="8">HEMEROTECA</subfield>
    <subfield code="a">BC</subfield>
    <subfield code="b">BC</subfield>
    <subfield code="c">EST01B</subfield>
    <subfield code="h">Volumen 03, N&#xFA;mero 01, Febrero 1987</subfield>
    <subfield code="l">0</subfield>
    <subfield code="p">0726656</subfield>
    <subfield code="y">REVISTA</subfield>
  </datafield>
  <datafield tag="952" ind1=" " ind2=" ">
    <subfield code="0">0</subfield>
    <subfield code="1">0</subfield>
    <subfield code="4">0</subfield>
    <subfield code="7">0</subfield>
    <subfield code="8">HEMEROTECA</subfield>
    <subfield code="a">BC</subfield>
    <subfield code="b">BC</subfield>
    <subfield code="c">EST01B</subfield>
    <subfield code="h">Volumen 28, N&#xFA;mero 04, Agosto 2012</subfield>
    <subfield code="l">0</subfield>
    <subfield code="p">87750</subfield>
    <subfield code="y">REVISTA</subfield>
  </datafield>
  <datafield tag="952" ind1=" " ind2=" ">
    <subfield code="0">0</subfield>
    <subfield code="1">0</subfield>
    <subfield code="4">0</subfield>
    <subfield code="7">0</subfield>
    <subfield code="8">HEMEROTECA</subfield>
    <subfield code="a">BC</subfield>
    <subfield code="b">BC</subfield>
    <subfield code="c">EST01B</subfield>
    <subfield code="h">Volumen 09, N&#xFA;mero 02, Abril 1993</subfield>
    <subfield code="l">0</subfield>
    <subfield code="p">0726675</subfield>
    <subfield code="y">REVISTA</subfield>
  </datafield>
  <datafield tag="952" ind1=" " ind2=" ">
    <subfield code="0">0</subfield>
    <subfield code="1">0</subfield>
    <subfield code="4">0</subfield>
    <subfield code="7">0</subfield>
    <subfield code="8">HEMEROTECA</subfield>
    <subfield code="a">BC</subfield>
    <subfield code="b">BC</subfield>
    <subfield code="c">EST01B</subfield>
    <subfield code="h">Volumen 02, N&#xFA;mero 01, Febrero 1986</subfield>
    <subfield code="l">0</subfield>
    <subfield code="p">0726650</subfield>
    <subfield code="y">REVISTA</subfield>
  </datafield>
  <datafield tag="952" ind1=" " ind2=" ">
    <subfield code="0">0</subfield>
    <subfield code="1">0</subfield>
    <subfield code="4">0</subfield>
    <subfield code="7">0</subfield>
    <subfield code="8">HEMEROTECA</subfield>
    <subfield code="a">BC</subfield>
    <subfield code="b">BC</subfield>
    <subfield code="c">EST01B</subfield>
    <subfield code="h">Volumen 28, N&#xFA;mero 05, Octubre 2012</subfield>
    <subfield code="l">0</subfield>
    <subfield code="p">92073</subfield>
    <subfield code="y">REVISTA</subfield>
  </datafield>
  <datafield tag="952" ind1=" " ind2=" ">
    <subfield code="0">0</subfield>
    <subfield code="1">0</subfield>
    <subfield code="4">0</subfield>
    <subfield code="7">0</subfield>
    <subfield code="8">HEMEROTECA</subfield>
    <subfield code="a">BC</subfield>
    <subfield code="b">BC</subfield>
    <subfield code="c">EST01B</subfield>
    <subfield code="h">Volumen 18, N&#xFA;mero 01, Febrero 2002</subfield>
    <subfield code="l">0</subfield>
    <subfield code="p">61000003640220</subfield>
    <subfield code="y">REVISTA</subfield>
  </datafield>
  <datafield tag="952" ind1=" " ind2=" ">
    <subfield code="0">0</subfield>
    <subfield code="1">0</subfield>
    <subfield code="4">0</subfield>
    <subfield code="7">0</subfield>
    <subfield code="8">HEMEROTECA</subfield>
    <subfield code="a">BC</subfield>
    <subfield code="b">BC</subfield>
    <subfield code="c">EST01B</subfield>
    <subfield code="h">Volumen 15, N&#xFA;mero 02, Abril 1999</subfield>
    <subfield code="l">0</subfield>
    <subfield code="p">61000000012191</subfield>
    <subfield code="y">REVISTA</subfield>
  </datafield>
  <datafield tag="952" ind1=" " ind2=" ">
    <subfield code="0">0</subfield>
    <subfield code="1">0</subfield>
    <subfield code="4">0</subfield>
    <subfield code="7">0</subfield>
    <subfield code="8">HEMEROTECA</subfield>
    <subfield code="a">BC</subfield>
    <subfield code="b">BC</subfield>
    <subfield code="c">EST01B</subfield>
    <subfield code="h">Volumen 06, N&#xFA;mero 03, Junio 1990</subfield>
    <subfield code="l">0</subfield>
    <subfield code="p">0689421</subfield>
    <subfield code="y">REVISTA</subfield>
  </datafield>
  <datafield tag="952" ind1=" " ind2=" ">
    <subfield code="0">0</subfield>
    <subfield code="1">0</subfield>
    <subfield code="4">0</subfield>
    <subfield code="7">0</subfield>
    <subfield code="8">HEMEROTECA</subfield>
    <subfield code="a">BC</subfield>
    <subfield code="b">BC</subfield>
    <subfield code="c">EST01B</subfield>
    <subfield code="h">Volumen 25, N&#xFA;mero 01, Febrero 2009</subfield>
    <subfield code="l">0</subfield>
    <subfield code="p">0689001</subfield>
    <subfield code="y">REVISTA</subfield>
  </datafield>
  <datafield tag="952" ind1=" " ind2=" ">
    <subfield code="0">0</subfield>
    <subfield code="1">0</subfield>
    <subfield code="4">0</subfield>
    <subfield code="7">0</subfield>
    <subfield code="8">HEMEROTECA</subfield>
    <subfield code="a">BC</subfield>
    <subfield code="b">BC</subfield>
    <subfield code="c">EST01B</subfield>
    <subfield code="h">Volumen 25, N&#xFA;mero 05, Octubre 2009</subfield>
    <subfield code="l">0</subfield>
    <subfield code="p">0743222</subfield>
    <subfield code="y">REVISTA</subfield>
  </datafield>
  <datafield tag="952" ind1=" " ind2=" ">
    <subfield code="0">0</subfield>
    <subfield code="1">0</subfield>
    <subfield code="4">0</subfield>
    <subfield code="7">0</subfield>
    <subfield code="8">HEMEROTECA</subfield>
    <subfield code="a">BC</subfield>
    <subfield code="b">BC</subfield>
    <subfield code="c">EST01B</subfield>
    <subfield code="h">Volumen 27, N&#xFA;mero 03, Junio 2011</subfield>
    <subfield code="l">0</subfield>
    <subfield code="p">0757555</subfield>
    <subfield code="y">REVISTA</subfield>
  </datafield>
  <datafield tag="952" ind1=" " ind2=" ">
    <subfield code="0">0</subfield>
    <subfield code="1">0</subfield>
    <subfield code="4">0</subfield>
    <subfield code="7">0</subfield>
    <subfield code="8">HEMEROTECA</subfield>
    <subfield code="a">BC</subfield>
    <subfield code="b">BC</subfield>
    <subfield code="c">EST01B</subfield>
    <subfield code="h">Volumen 28, N&#xFA;mero 01, Febrero 2012</subfield>
    <subfield code="l">0</subfield>
    <subfield code="p">807173</subfield>
    <subfield code="y">REVISTA</subfield>
  </datafield>
  <datafield tag="952" ind1=" " ind2=" ">
    <subfield code="0">0</subfield>
    <subfield code="1">0</subfield>
    <subfield code="4">0</subfield>
    <subfield code="7">0</subfield>
    <subfield code="8">HEMEROTECA</subfield>
    <subfield code="a">BC</subfield>
    <subfield code="b">BC</subfield>
    <subfield code="c">EST01B</subfield>
    <subfield code="h">Volumen 30, N&#xFA;mero 06, Diciembre 2014</subfield>
    <subfield code="l">0</subfield>
    <subfield code="p">01004923</subfield>
    <subfield code="y">REVISTA</subfield>
  </datafield>
  <datafield tag="952" ind1=" " ind2=" ">
    <subfield code="0">0</subfield>
    <subfield code="1">0</subfield>
    <subfield code="4">0</subfield>
    <subfield code="7">0</subfield>
    <subfield code="8">HEMEROTECA</subfield>
    <subfield code="a">BC</subfield>
    <subfield code="b">BC</subfield>
    <subfield code="c">EST01B</subfield>
    <subfield code="h">Vol&#xFA;men 31, N&#xFA;mero 05, Octubre 2015</subfield>
    <subfield code="l">0</subfield>
    <subfield code="p">1032388</subfield>
    <subfield code="y">REVISTA</subfield>
  </datafield>
  <datafield tag="952" ind1=" " ind2=" ">
    <subfield code="0">0</subfield>
    <subfield code="1">0</subfield>
    <subfield code="4">0</subfield>
    <subfield code="7">0</subfield>
    <subfield code="8">HEMEROTECA</subfield>
    <subfield code="a">BC</subfield>
    <subfield code="b">BC</subfield>
    <subfield code="c">EST01B</subfield>
    <subfield code="h">Volumen 32, N&#xFA;mero 02, Abril 2016                                                                   </subfield>
    <subfield code="l">0</subfield>
    <subfield code="p">1019681</subfield>
    <subfield code="y">REVISTA</subfield>
  </datafield>
  <datafield tag="952" ind1=" " ind2=" ">
    <subfield code="0">0</subfield>
    <subfield code="1">0</subfield>
    <subfield code="4">0</subfield>
    <subfield code="7">0</subfield>
    <subfield code="8">HEMEROTECA</subfield>
    <subfield code="a">BC</subfield>
    <subfield code="b">BC</subfield>
    <subfield code="c">EST01B</subfield>
    <subfield code="h">Volumen 26, N&#xFA;mero 04, Agosto 2010</subfield>
    <subfield code="l">0</subfield>
    <subfield code="p">0750730</subfield>
    <subfield code="y">REVISTA</subfield>
  </datafield>
  <datafield tag="952" ind1=" " ind2=" ">
    <subfield code="0">0</subfield>
    <subfield code="1">0</subfield>
    <subfield code="4">0</subfield>
    <subfield code="7">0</subfield>
    <subfield code="8">HEMEROTECA</subfield>
    <subfield code="a">BC</subfield>
    <subfield code="b">BC</subfield>
    <subfield code="c">EST01B</subfield>
    <subfield code="h">Volumen 16, N&#xFA;mero 04, Agosto 2000</subfield>
    <subfield code="l">0</subfield>
    <subfield code="p">61000002123855</subfield>
    <subfield code="y">REVISTA</subfield>
  </datafield>
  <datafield tag="952" ind1=" " ind2=" ">
    <subfield code="0">0</subfield>
    <subfield code="1">0</subfield>
    <subfield code="4">0</subfield>
    <subfield code="7">0</subfield>
    <subfield code="8">HEMEROTECA</subfield>
    <subfield code="a">BC</subfield>
    <subfield code="b">BC</subfield>
    <subfield code="c">EST01B</subfield>
    <subfield code="h">Volumen 18, N&#xFA;mero 02, Abril 2002</subfield>
    <subfield code="l">0</subfield>
    <subfield code="p">61000004950913</subfield>
    <subfield code="y">REVISTA</subfield>
  </datafield>
  <datafield tag="952" ind1=" " ind2=" ">
    <subfield code="0">0</subfield>
    <subfield code="1">0</subfield>
    <subfield code="4">0</subfield>
    <subfield code="7">0</subfield>
    <subfield code="8">HEMEROTECA</subfield>
    <subfield code="a">BC</subfield>
    <subfield code="b">BC</subfield>
    <subfield code="c">EST01B</subfield>
    <subfield code="h">Volumen 18, N&#xFA;mero 04, Agosto 2002</subfield>
    <subfield code="l">0</subfield>
    <subfield code="p">61000004159279</subfield>
    <subfield code="y">REVISTA</subfield>
  </datafield>
  <datafield tag="952" ind1=" " ind2=" ">
    <subfield code="0">0</subfield>
    <subfield code="1">0</subfield>
    <subfield code="4">0</subfield>
    <subfield code="7">0</subfield>
    <subfield code="8">HEMEROTECA</subfield>
    <subfield code="a">BC</subfield>
    <subfield code="b">BC</subfield>
    <subfield code="c">EST01B</subfield>
    <subfield code="h">Volumen 19, N&#xFA;mero 06, Diciembre 2003</subfield>
    <subfield code="l">0</subfield>
    <subfield code="p">61000004189238</subfield>
    <subfield code="y">REVISTA</subfield>
  </datafield>
  <datafield tag="952" ind1=" " ind2=" ">
    <subfield code="0">0</subfield>
    <subfield code="1">0</subfield>
    <subfield code="4">0</subfield>
    <subfield code="7">0</subfield>
    <subfield code="8">HEMEROTECA</subfield>
    <subfield code="a">BC</subfield>
    <subfield code="b">BC</subfield>
    <subfield code="c">EST01B</subfield>
    <subfield code="h">Volumen 24, N&#xFA;mero 05, Octubre 2008</subfield>
    <subfield code="l">0</subfield>
    <subfield code="p">0680011</subfield>
    <subfield code="y">REVISTA</subfield>
  </datafield>
  <datafield tag="952" ind1=" " ind2=" ">
    <subfield code="0">0</subfield>
    <subfield code="1">0</subfield>
    <subfield code="4">0</subfield>
    <subfield code="7">0</subfield>
    <subfield code="8">HEMEROTECA</subfield>
    <subfield code="a">BC</subfield>
    <subfield code="b">BC</subfield>
    <subfield code="c">EST01B</subfield>
    <subfield code="h">Volumen 25, N&#xFA;mero 06, Diciebre 2009</subfield>
    <subfield code="l">0</subfield>
    <subfield code="p">0743439</subfield>
    <subfield code="y">REVISTA</subfield>
  </datafield>
  <datafield tag="952" ind1=" " ind2=" ">
    <subfield code="0">0</subfield>
    <subfield code="1">0</subfield>
    <subfield code="4">0</subfield>
    <subfield code="7">0</subfield>
    <subfield code="8">HEMEROTECA</subfield>
    <subfield code="a">BC</subfield>
    <subfield code="b">BC</subfield>
    <subfield code="c">EST01B</subfield>
    <subfield code="h">Volumen 34, N&#xFA;mero 03, Junio 2018</subfield>
    <subfield code="l">0</subfield>
    <subfield code="p">01048403</subfield>
    <subfield code="y">REVISTA</subfield>
  </datafield>
  <datafield tag="952" ind1=" " ind2=" ">
    <subfield code="0">0</subfield>
    <subfield code="1">0</subfield>
    <subfield code="4">0</subfield>
    <subfield code="7">0</subfield>
    <subfield code="8">HEMEROTECA</subfield>
    <subfield code="a">BC</subfield>
    <subfield code="b">BC</subfield>
    <subfield code="c">EST01B</subfield>
    <subfield code="h">Volumen 13, N&#xFA;mero 05, Octubre 1997</subfield>
    <subfield code="l">0</subfield>
    <subfield code="p">0726687</subfield>
    <subfield code="y">REVISTA</subfield>
  </datafield>
  <datafield tag="952" ind1=" " ind2=" ">
    <subfield code="0">0</subfield>
    <subfield code="1">0</subfield>
    <subfield code="4">0</subfield>
    <subfield code="7">0</subfield>
    <subfield code="8">HEMEROTECA</subfield>
    <subfield code="a">BC</subfield>
    <subfield code="b">BC</subfield>
    <subfield code="c">EST01B</subfield>
    <subfield code="h">Volumen 02, N&#xFA;mero 06, Diciembre 1986</subfield>
    <subfield code="l">0</subfield>
    <subfield code="p">0726654</subfield>
    <subfield code="y">REVISTA</subfield>
  </datafield>
  <datafield tag="952" ind1=" " ind2=" ">
    <subfield code="0">0</subfield>
    <subfield code="1">0</subfield>
    <subfield code="4">0</subfield>
    <subfield code="7">0</subfield>
    <subfield code="8">HEMEROTECA</subfield>
    <subfield code="a">BC</subfield>
    <subfield code="b">BC</subfield>
    <subfield code="c">EST01B</subfield>
    <subfield code="h">Volumen 15, N&#xFA;mero 03, Junio 1999</subfield>
    <subfield code="l">0</subfield>
    <subfield code="p">6-10000003156786</subfield>
    <subfield code="y">REVISTA</subfield>
  </datafield>
  <datafield tag="952" ind1=" " ind2=" ">
    <subfield code="0">0</subfield>
    <subfield code="1">0</subfield>
    <subfield code="4">0</subfield>
    <subfield code="7">0</subfield>
    <subfield code="8">HEMEROTECA</subfield>
    <subfield code="a">BC</subfield>
    <subfield code="b">BC</subfield>
    <subfield code="c">EST01B</subfield>
    <subfield code="h">Volumen 15, N&#xFA;mero 05, Octubre 1999</subfield>
    <subfield code="l">0</subfield>
    <subfield code="p">6-10000003156803</subfield>
    <subfield code="y">REVISTA</subfield>
  </datafield>
  <datafield tag="952" ind1=" " ind2=" ">
    <subfield code="0">0</subfield>
    <subfield code="1">0</subfield>
    <subfield code="4">0</subfield>
    <subfield code="7">0</subfield>
    <subfield code="8">HEMEROTECA</subfield>
    <subfield code="a">BC</subfield>
    <subfield code="b">BC</subfield>
    <subfield code="c">EST01B</subfield>
    <subfield code="h">Volumen 17, N&#xFA;mero 02, Abril 2001</subfield>
    <subfield code="l">0</subfield>
    <subfield code="p">61000003640287</subfield>
    <subfield code="y">REVISTA</subfield>
  </datafield>
  <datafield tag="952" ind1=" " ind2=" ">
    <subfield code="0">0</subfield>
    <subfield code="1">0</subfield>
    <subfield code="4">0</subfield>
    <subfield code="7">0</subfield>
    <subfield code="8">HEMEROTECA</subfield>
    <subfield code="a">BC</subfield>
    <subfield code="b">BC</subfield>
    <subfield code="c">EST01B</subfield>
    <subfield code="h">Volumen 22, N&#xFA;mero 01, Febrero 2006</subfield>
    <subfield code="l">0</subfield>
    <subfield code="p">0707310</subfield>
    <subfield code="y">REVISTA</subfield>
  </datafield>
  <datafield tag="952" ind1=" " ind2=" ">
    <subfield code="0">0</subfield>
    <subfield code="1">0</subfield>
    <subfield code="4">0</subfield>
    <subfield code="7">0</subfield>
    <subfield code="8">HEMEROTECA</subfield>
    <subfield code="a">BC</subfield>
    <subfield code="b">BC</subfield>
    <subfield code="c">EST01B</subfield>
    <subfield code="h">Volumen 25, N&#xFA;mero 04, Agosto 2009</subfield>
    <subfield code="l">0</subfield>
    <subfield code="p">0688659</subfield>
    <subfield code="y">REVISTA</subfield>
  </datafield>
  <datafield tag="952" ind1=" " ind2=" ">
    <subfield code="0">0</subfield>
    <subfield code="1">0</subfield>
    <subfield code="4">0</subfield>
    <subfield code="7">0</subfield>
    <subfield code="8">HEMEROTECA</subfield>
    <subfield code="a">BC</subfield>
    <subfield code="b">BC</subfield>
    <subfield code="c">EST01B</subfield>
    <subfield code="h">Volumen 34, N&#xFA;mero 05, Octubre de 2018</subfield>
    <subfield code="l">0</subfield>
    <subfield code="p">01068818</subfield>
    <subfield code="y">REVISTA</subfield>
  </datafield>
  <datafield tag="952" ind1=" " ind2=" ">
    <subfield code="0">0</subfield>
    <subfield code="1">0</subfield>
    <subfield code="4">0</subfield>
    <subfield code="7">0</subfield>
    <subfield code="8">HEMEROTECA</subfield>
    <subfield code="a">BC</subfield>
    <subfield code="b">BC</subfield>
    <subfield code="c">EST01B</subfield>
    <subfield code="h">Volumen 35, N&#xFA;mero 05, Octubre de 2019</subfield>
    <subfield code="l">0</subfield>
    <subfield code="p">01069501</subfield>
    <subfield code="r">2025-02-01 00:00:00</subfield>
    <subfield code="y">REVISTA</subfield>
  </datafield>
</record>
